Every US County by Population - Extreme - Statistics

General Stats
  • This quiz has been taken 11 times
  • The average score is 688 of 3144
Answer Stats
State Population County % Correct
TX 4726177 Harris
100%
GA 34914 Harris
100%
KY 779232 Jefferson
89%
AL 672265 Jefferson
89%
CO 580519 Jefferson
89%
LA 436171 Jefferson
89%
TX 254942 Jefferson
89%
MO 226984 Jefferson
89%
NY 117445 Jefferson
89%
WI 85932 Jefferson
89%
AR 66934 Jefferson
89%
OH 65280 Jefferson
89%
WV 58043 Jefferson
89%
TN 55017 Jefferson
89%
PA 44326 Jefferson
89%
IL 37043 Jefferson
89%
IN 33057 Jefferson
89%
WA 33006 Jefferson
89%
ID 31383 Jefferson
89%
OR 24659 Jefferson
89%
KS 18387 Jefferson
89%
IA 15785 Jefferson
89%
GA 15591 Jefferson
89%
FL 14458 Jefferson
89%
MT 12273 Jefferson
89%
MS 7207 Jefferson
89%
NE 7185 Jefferson
89%
OK 5420 Jefferson
89%
CA 9936690 Los Angeles
89%
AL 389781 Madison
89%
IL 265512 Madison
89%
IN 130545 Madison
89%
MS 109257 Madison
89%
TN 98644 Madison
89%
KY 92955 Madison
89%
NY 68020 Madison
89%
ID 52487 Madison
89%
OH 43961 Madison
89%
NE 35538 Madison
89%
GA 30378 Madison
89%
NC 21414 Madison
89%
FL 17986 Madison
89%
AR 16737 Madison
89%
IA 16609 Madison
89%
VA 13828 Madison
89%
TX 13556 Madison
89%
MO 12649 Madison
89%
LA 10028 Madison
89%
MT 8742 Madison
89%
NY 2360826 Queens
89%
OR 599541 Washington
89%
MN 268651 Washington
89%
AR 247331 Washington
89%
PA 209631 Washington
89%
UT 183297 Washington
89%
MD 154645 Washington
89%
WI 136842 Washington
89%
TN 133282 Washington
89%
RI 129998 Washington
89%
NY 61310 Washington
89%
VT 59768 Washington
89%
OH 59639 Washington
89%
VA 53985 Washington
89%
OK 52579 Washington
89%
LA 45514 Washington
89%
MS 44604 Washington
89%
TX 35807 Washington
89%
ME 31096 Washington
89%
IN 28133 Washington
89%
FL 25014 Washington
89%
MO 23580 Washington
89%
IA 22534 Washington
89%
NE 20884 Washington
89%
GA 19975 Washington
89%
AL 15434 Washington
89%
IL 13781 Washington
89%
KY 12025 Washington
89%
NC 11051 Washington
89%
ID 10612 Washington
89%
KS 5529 Washington
89%
CO 4817 Washington
89%
ID 497494 Ada
78%
CO 520149 Adams
78%
PA 104604 Adams
78%
IL 65583 Adams
78%
IN 35827 Adams
78%
NE 31143 Adams
78%
MS 29425 Adams
78%
OH 27509 Adams
78%
WI 20730 Adams
78%
WA 20557 Adams
78%
ID 4464 Adams
78%
IA 3680 Adams
78%
ND 2190 Adams
78%
NY 1443229 Bronx
78%
IL 5225367 Cook
78%
GA 17242 Cook
78%
MN 5611 Cook
78%
TX 2604053 Dallas
78%
IA 100367 Dallas
78%
AL 38326 Dallas
78%
MO 17158 Dallas
78%
AR 6472 Dallas
78%
CO 710800 Denver
78%
OH 1318149 Franklin
78%
PA 156084 Franklin
78%
MO 104858 Franklin
78%
WA 96692 Franklin
78%
MA 70980 Franklin
78%
NC 69680 Franklin
78%
VA 54838 Franklin
78%
KY 51475 Franklin
78%
VT 50101 Franklin
78%
NY 47459 Franklin
78%
TN 42980 Franklin
78%
IL 37810 Franklin
78%
AL 32011 Franklin
78%
ME 29839 Franklin
78%
KS 25968 Franklin
78%
GA 23480 Franklin
78%
IN 22850 Franklin
78%
LA 19752 Franklin
78%
AR 17160 Franklin
78%
ID 14376 Franklin
78%
FL 12276 Franklin
78%
TX 10445 Franklin
78%
IA 10015 Franklin
78%
VA 8194 Franklin
78%
MS 7690 Franklin
78%
NE 2901 Franklin
78%
OH 827671 Hamilton
78%
TN 367193 Hamilton
78%
IN 349527 Hamilton
78%
IA 14979 Hamilton
78%
FL 13492 Hamilton
78%
NE 9400 Hamilton
78%
TX 8244 Hamilton
78%
IL 8008 Hamilton
78%
NY 5090 Hamilton
78%
KS 2520 Hamilton
78%
TX 8588 Jack
78%
MO 715526 Jackson
78%
OR 222604 Jackson
78%
MI 160637 Jackson
78%
MS 143721 Jackson
78%
GA 77033 Jackson
78%
IL 53176 Jackson
78%
AL 52618 Jackson
78%
FL 47704 Jackson
78%
IN 46212 Jackson
78%
NC 42388 Jackson
78%
OH 32563 Jackson
78%
WV 27868 Jackson
78%
OK 24776 Jackson
78%
WI 20958 Jackson
78%
IA 19470 Jackson
78%
AR 16784 Jackson
78%
LA 15093 Jackson
78%
TX 15010 Jackson
78%
KS 13274 Jackson
78%
KY 13002 Jackson
78%
TN 11730 Jackson
78%
MN 9990 Jackson
78%
SD 2838 Jackson
78%
CO 1440 Jackson
78%
WA 2254371 King
78%
TX 216 King
78%
FL 2688237 Miami-Dade
78%
NY 756406 Monroe
78%
PA 168128 Monroe
78%
MI 154823 Monroe
78%
IN 140065 Monroe
78%
FL 82044 Monroe
78%
TN 46489 Monroe
78%
WI 46208 Monroe
78%
IL 34905 Monroe
78%
MS 34168 Monroe
78%
GA 28287 Monroe
78%
AL 19816 Monroe
78%
OH 13401 Monroe
78%
WV 12438 Monroe
78%
KY 11331 Monroe
78%
MO 8668 Monroe
78%
IA 7574 Monroe
78%
AR 6787 Monroe
78%
NY 1645867 New York
78%
CA 3175227 Orange
78%
FL 1427403 Orange
78%
NY 401237 Orange
78%
NC 145919 Orange
78%
TX 84761 Orange
78%
VA 36593 Orange
78%
VT 29439 Orange
78%
IN 19768 Orange
78%
VA 481114 Prince William
78%
UT 2543 Rich
78%
CA 851036 San Francisco
78%
IL 696774 Will
78%
ND 39076 Williams
78%
OH 36973 Williams
78%
WI 268393 Brown
67%
OH 43715 Brown
67%
SD 38278 Brown
67%
TX 38159 Brown
67%
MN 25880 Brown
67%
IN 15513 Brown
67%
KS 9486 Brown
67%
IL 6334 Brown
67%
NE 2691 Brown
67%
NV 2265926 Clark
67%
WA 504091 Clark
67%
OH 135877 Clark
67%
IN 121484 Clark
67%
KY 36897 Clark
67%
WI 34703 Clark
67%
AR 21469 Clark
67%
IL 15467 Clark
67%
MO 6693 Clark
67%
SD 3837 Clark
67%
KS 1977 Clark
67%
ID 756 Clark
67%
TX 863832 El Paso
67%
CO 730323 El Paso
67%
WA 99145 Grant
67%
IN 66560 Grant
67%
WI 51842 Grant
67%
NM 28006 Grant
67%
KY 25085 Grant
67%
LA 22185 Grant
67%
AR 18022 Grant
67%
WV 11034 Grant
67%
SD 7533 Grant
67%
KS 7336 Grant
67%
OR 7237 Grant
67%
MN 6091 Grant
67%
OK 4152 Grant
67%
ND 2320 Grant
67%
NE 649 Grant
67%
MS 208748 Harrison
67%
TX 69098 Harrison
67%
WV 65862 Harrison
67%
IN 39684 Harrison
67%
KY 18803 Harrison
67%
IA 14623 Harrison
67%
OH 14528 Harrison
67%
MO 8190 Harrison
67%
HI 1010100 Honolulu
67%
GA 164117 Houston
67%
AL 107040 Houston
67%
TX 22107 Houston
67%
MN 18826 Houston
67%
TN 8253 Houston
67%
KS 610742 Johnson
67%
TX 182690 Johnson
67%
IN 161952 Johnson
67%
IA 153360 Johnson
67%
MO 54025 Johnson
67%
AR 25925 Johnson
67%
KY 22631 Johnson
67%
TN 17982 Johnson
67%
IL 13313 Johnson
67%
GA 9225 Johnson
67%
WY 8536 Johnson
67%
NE 5294 Johnson
67%
MI 657321 Kent
67%
DE 182400 Kent
67%
RI 170168 Kent
67%
MD 19289 Kent
67%
TX 635 Kent
67%
NC 87933 Lincoln
67%
SD 65801 Lincoln
67%
MO 60172 Lincoln
67%
OR 50334 Lincoln
67%
LA 48323 Lincoln
67%
ME 35466 Lincoln
67%
TN 35365 Lincoln
67%
MS 34855 Lincoln
67%
NE 34532 Lincoln
67%
OK 33734 Lincoln
67%
WI 28402 Lincoln
67%
KY 24320 Lincoln
67%
WV 20410 Lincoln
67%
NM 20222 Lincoln
67%
MT 20157 Lincoln
67%
WY 19794 Lincoln
67%
AR 13016 Lincoln
67%
WA 11036 Lincoln
67%
GA 7726 Lincoln
67%
MN 5630 Lincoln
67%
CO 5583 Lincoln
67%
ID 5203 Lincoln
67%
NV 4507 Lincoln
67%
KS 2929 Lincoln
67%
AZ 4430871 Maricopa
67%
OH 108818 Miami
67%
IN 35952 Miami
67%
KS 34312 Miami
67%
MD 1056910 Montgomery
67%
PA 856399 Montgomery
67%
TX 629989 Montgomery
67%
OH 536121 Montgomery
67%
AL 228132 Montgomery
67%
TN 222305 Montgomery
67%
VA 99373 Montgomery
67%
NY 49624 Montgomery
67%
IN 38018 Montgomery
67%
KS 31448 Montgomery
67%
IL 28352 Montgomery
67%
KY 28188 Montgomery
67%
NC 25839 Montgomery
67%
MO 11421 Montgomery
67%
IA 10285 Montgomery
67%
MS 9803 Montgomery
67%
GA 8687 Montgomery
67%
AR 8555 Montgomery
67%
PA 1593208 Philadelphia
67%
NY 492925 Richmond
67%
VA 227171 Richmond
67%
GA 206153 Richmond
67%
NC 43149 Richmond
67%
VA 8968 Richmond
67%
IA 9778 Sac
67%
CA 1579211 Sacramento
67%
CA 3289701 San Diego
67%
IN 385456 Allen
56%
OH 102087 Allen
56%
LA 22798 Allen
56%
KY 20773 Allen
56%
KS 12554 Allen
56%
SC 204592 Anderson
56%
TN 77337 Anderson
56%
TX 58077 Anderson
56%
KY 23839 Anderson
56%
KS 7799 Anderson
56%
NJ 274339 Atlantic
56%
TX 30406 Austin
56%
FL 27969 Baker
56%
OR 16685 Baker
56%
GA 2878 Baker
56%
MD 850737 Baltimore
56%
MD 584548 Baltimore
56%
TX 372821 Bell
56%
KY 24248 Bell
56%
ID 7809 Boise
56%
MD 167035 Charles
56%
PA 536474 Chester
56%
SC 32171 Chester
56%
TN 17392 Chester
56%
OK 295060 Cleveland
56%
NC 99527 Cleveland
56%
AR 7548 Cleveland
56%
TX 1079153 Collin
56%
UT 363032 Davis
56%
IA 9093 Davis
56%
NE 582638 Douglas
56%
CO 360206 Douglas
56%
GA 144735 Douglas
56%
KS 119094 Douglas
56%
OR 111322 Douglas
56%
NV 49476 Douglas
56%
WI 44092 Douglas
56%
WA 43189 Douglas
56%
MN 39081 Douglas
56%
IL 19714 Douglas
56%
MO 11803 Douglas
56%
SD 2823 Douglas
56%
NY 951232 Erie
56%
PA 270495 Erie
56%
OH 75299 Erie
56%
KY 321276 Fayette
56%
PA 128417 Fayette
56%
GA 119259 Fayette
56%
TN 42228 Fayette
56%
WV 40545 Fayette
56%
OH 28901 Fayette
56%
TX 24564 Fayette
56%
IN 23391 Fayette
56%
IL 21464 Fayette
56%
IA 19519 Fayette
56%
AL 16297 Fayette
56%
WI 37066 Green
56%
KY 11198 Green
56%
LA 32277 Jefferson Davis
56%
MS 11291 Jefferson Davis
56%
MS 67152 Jones
56%
GA 28382 Jones
56%
IA 20733 Jones
56%
TX 19758 Jones
56%
NC 9263 Jones
56%
SD 1006 Jones
56%
NY 2679620 Kings
56%
CA 152515 Kings
56%
TN 481406 Knox
56%
OH 62657 Knox
56%
IL 49751 Knox
56%
ME 40729 Knox
56%
IN 36148 Knox
56%
KY 30207 Knox
56%
NE 8415 Knox
56%
MO 3772 Knox
56%
TX 3333 Knox
56%
LA 243175 Lafayette
56%
MS 56172 Lafayette
56%
MO 32858 Lafayette
56%
WI 16716 Lafayette
56%
FL 8107 Lafayette
56%
AR 6277 Lafayette
56%
FL 772902 Lee
56%
AL 175126 Lee
56%
MS 83343 Lee
56%
NC 63560 Lee
56%
IL 34221 Lee
56%
IA 33442 Lee
56%
GA 32968 Lee
56%
VA 22287 Lee
56%
TX 17543 Lee
56%
SC 16557 Lee
56%
AR 8666 Lee
56%
KY 7338 Lee
56%
FL 159399 Martin
56%
NC 21992 Martin
56%
MN 19960 Martin
56%
KY 11298 Martin
56%
IN 9863 Martin
56%
TX 5228 Martin
56%
AL 413878 Mobile
56%
WY 29878 Park
56%
CO 17597 Park
56%
MT 17320 Park
56%
WA 918993 Pierce
56%
WI 42187 Pierce
56%
GA 19822 Pierce
56%
NE 7301 Pierce
56%
ND 3999 Pierce
56%
RI 657984 Providence
56%
WV 74303 Raleigh
56%
CA 2429487 Riverside
56%
NM 19142 Roosevelt
56%
MT 10799 Roosevelt
56%
UT 1180643 Salt Lake
56%
TX 234667 Smith
56%
TN 20034 Smith
56%
MS 14310 Smith
56%
KS 3561 Smith
56%
WA 538711 Spokane
56%
TX 143029 Taylor
56%
KY 26056 Taylor
56%
FL 21421 Taylor
56%
WI 19979 Taylor
56%
WV 16602 Taylor
56%
GA 7799 Taylor
56%
IA 5916 Taylor
56%
TX 119276 Tom Green
56%
TX 19962 Tyler
56%
WV 8336 Tyler
56%
OH 243189 Warren
56%
KY 135307 Warren
56%
NJ 109739 Warren
56%
NY 65684 Warren
56%
IA 52709 Warren
56%
MS 44341 Warren
56%
TN 41163 Warren
56%
VA 40800 Warren
56%
PA 38492 Warren
56%
MO 35729 Warren
56%
NC 18803 Warren
56%
IL 16760 Warren
56%
IN 8454 Warren
56%
GA 5197 Warren
56%
MI 1781641 Wayne
56%
NC 117480 Wayne
56%
OH 116680 Wayne
56%
NY 91324 Wayne
56%
IN 66522 Wayne
56%
PA 51227 Wayne
56%
WV 38933 Wayne
56%
GA 30277 Wayne
56%
MS 19760 Wayne
56%
KY 19666 Wayne
56%
TN 16325 Wayne
56%
IL 16127 Wayne
56%
MO 11081 Wayne
56%
NE 9701 Wayne
56%
IA 6484 Wayne
56%
UT 2532 Wayne
56%
AR 77118 White
56%
GA 28165 White
56%
TN 27420 White
56%
IN 24630 White
56%
IL 13834 White
56%
TX 617396 Williamson
56%
TN 248897 Williamson
56%
IL 67120 Williamson
56%
TN 149096 Wilson
56%
NC 78667 Wilson
56%
TX 50381 Wilson
56%
KS 8667 Wilson
56%
AK 290674 Anchorage
44%
MO 18069 Andrew
44%
TX 18362 Andrews
44%
OH 61276 Athens
44%
CO 5561 Bent
44%
AR 286528 Benton
44%
WA 207560 Benton
44%
OR 95615 Benton
44%
MN 41300 Benton
44%
IA 25652 Benton
44%
MO 19616 Benton
44%
TN 15933 Benton
44%
IN 8709 Benton
44%
MS 7637 Benton
44%
CO 328658 Boulder
44%
NE 50103 Buffalo
44%
WI 13329 Buffalo
44%
SD 1859 Buffalo
44%
NJ 522581 Camden
44%
GA 55105 Camden
44%
MO 43227 Camden
44%
NC 10547 Camden
44%
TX 5801 Carson
44%
TN 56315 Carter
44%
OK 48202 Carter
44%
KY 26671 Carter
44%
MO 5299 Carter
44%
MT 1332 Carter
44%
NE 9489 Cheyenne
44%
KS 2619 Cheyenne
44%
CO 1726 Cheyenne
44%
TX 20582 Colorado
44%
GA 156921 Columbia
44%
FL 69832 Columbia
44%
PA 64924 Columbia
44%
NY 61469 Columbia
44%
WI 58272 Columbia
44%
OR 52865 Columbia
44%
AR 22707 Columbia
44%
WA 3980 Columbia
44%
NC 50827 Columbus
44%
NC 335207 Cumberland
44%
ME 303357 Cumberland
44%
PA 261269 Cumberland
44%
NJ 153588 Cumberland
44%
TN 61552 Cumberland
44%
IL 10447 Cumberland
44%
VA 9697 Cumberland
44%
KY 5974 Cumberland
44%
GA 16239 Dade
44%
MO 7598 Dade
44%
MN 439179 Dakota
44%
NE 21308 Dakota
44%
TN 709786 Davidson
44%
NC 169498 Davidson
44%
PA 575312 Delaware
44%
OH 216074 Delaware
44%
IN 112156 Delaware
44%
NY 44637 Delaware
44%
OK 40791 Delaware
44%
IA 17523 Delaware
44%
IA 38824 Des Moines
44%
IA 98812 Dubuque
44%
NC 325101 Durham
44%
PA 30886 Elk
44%
KS 2453 Elk
44%
CA 1008280 Fresno
44%
MS 24547 George
44%
GA 26110 Hart
44%
KY 19345 Hart
44%
GA 240853 Henry
44%
VA 50760 Henry
44%
IL 49157 Henry
44%
IN 48913 Henry
44%
TN 32305 Henry
44%
OH 27601 Henry
44%
MO 22064 Henry
44%
IA 20436 Henry
44%
AL 17282 Henry
44%
KY 15731 Henry
44%
TX 36138 Hill
44%
MT 16238 Hill
44%
IL 713159 Lake
44%
IN 497682 Lake
44%
FL 386829 Lake
44%
OH 232236 Lake
44%
CA 68024 Lake
44%
MT 31509 Lake
44%
MI 12285 Lake
44%
SD 11207 Lake
44%
MN 10915 Lake
44%
OR 8201 Lake
44%
CO 7403 Lake
44%
TN 6898 Lake
44%
WA 82663 Lewis
44%
NY 26690 Lewis
44%
WV 16920 Lewis
44%
KY 13063 Lewis
44%
TN 12637 Lewis
44%
MO 9987 Lewis
44%
ID 3630 Lewis
44%
SC 295934 Lexington
44%
VA 7346 Lexington
44%
OH 430014 Lucas
44%
IA 8666 Lucas
44%
IL 103542 Macon
44%
NC 37088 Macon
44%
TN 25365 Macon
44%
AL 19198 Macon
44%
MO 15173 Macon
44%
GA 12099 Macon
44%
IN 971737 Marion
44%
FL 378225 Marion
44%
OR 345815 Marion
44%
OH 65366 Marion
44%
WV 56194 Marion
44%
IL 37543 Marion
44%
IA 33487 Marion
44%
SC 29212 Marion
44%
AL 29203 Marion
44%
TN 28852 Marion
44%
MO 28525 Marion
44%
MS 24362 Marion
44%
KY 19627 Marion
44%
AR 16905 Marion
44%
KS 11867 Marion
44%
TX 9668 Marion
44%
GA 7508 Marion
44%
CO 156131 Mesa
44%
MA 1623109 Middlesex
44%
NJ 860147 Middlesex
44%
VA 10738 Middlesex
44%
AZ 214229 Mohave
44%
NC 95015 Nash
44%
CA 102322 Nevada
44%
AR 8292 Nevada
44%
RI 85442 Newport
44%
MA 722112 Norfolk
44%
VA 236973 Norfolk
44%
NJ 638691 Ocean
44%
OK 795822 Oklahoma
44%
LA 380408 Orleans
44%
NY 40148 Orleans
44%
VT 27459 Orleans
44%
IN 16327 Parke
44%
TX 151188 Parker
44%
IL 181186 Peoria
44%
FL 736229 Polk
44%
IA 493378 Polk
44%
OR 87600 Polk
44%
TX 50536 Polk
44%
WI 45128 Polk
44%
GA 43019 Polk
44%
MO 31877 Polk
44%
MN 31128 Polk
44%
NC 19538 Polk
44%
AR 19384 Polk
44%
TN 17620 Polk
44%
NE 5182 Polk
44%
CO 168135 Pueblo
44%
SD 10242 Roberts
44%
TX 764 Roberts
44%
TN 73297 Robertson
44%
TX 16912 Robertson
44%
KY 2207 Robertson
44%
WI 163817 Rock
44%
MN 9659 Rock
44%
NE 1312 Rock
44%
NJ 64840 Salem
44%
VA 25372 Salem
44%
NM 154481 Santa Fe
44%
NY 1524486 Suffolk
44%
MA 785443 Suffolk
44%
VA 94856 Suffolk
44%
GA 45665 Thomas
44%
KS 7907 Thomas
44%
NE 592 Thomas
44%
TX 1289054 Travis
44%
OK 668923 Tulsa
44%
TX 77182 Walker
44%
GA 68065 Walker
44%
AL 64978 Walker
44%
MA 858898 Worcester
44%
MD 52827 Worcester
44%
PA 457051 York
44%
SC 282987 York
44%
ME 212691 York
44%
VA 70238 York
44%
NE 14212 York
44%
AZ 204374 Yuma
44%
CO 9938 Yuma
44%
CA 1663823 Alameda
33%
VA 157594 Alexandria
33%
PA 1245310 Allegheny
33%
CO 654453 Arapahoe
33%
AR 17024 Arkansas
33%
VA 235845 Arlington
33%
PA 65538 Armstrong
33%
TX 1912 Armstrong
33%
OH 52522 Ashland
33%
WI 16041 Ashland
33%
VA 77433 Augusta
33%
SD 2590 Aurora
33%
FL 181055 Bay
33%
MI 103752 Bay
33%
SC 231419 Berkeley
33%
WV 123283 Berkeley
33%
TX 2014059 Bexar
33%
MO 84544 Buchanan
33%
IA 20631 Buchanan
33%
VA 20246 Buchanan
33%
PA 645163 Bucks
33%
NJ 461853 Burlington
33%
OH 388327 Butler
33%
PA 194562 Butler
33%
KS 67618 Butler
33%
MO 42280 Butler
33%
AL 18981 Butler
33%
IA 14376 Butler
33%
KY 12365 Butler
33%
NE 8373 Butler
33%
PA 65018 Carbon
33%
UT 20338 Carbon
33%
WY 14609 Carbon
33%
MT 10645 Carbon
33%
SC 409840 Charleston
33%
GA 268567 Cherokee
33%
SC 56200 Cherokee
33%
TX 50824 Cherokee
33%
OK 47412 Cherokee
33%
NC 28868 Cherokee
33%
AL 25069 Cherokee
33%
KS 19380 Cherokee
33%
IA 11601 Cherokee
33%
VA 249377 Chesapeake
33%
GA 128864 Clarke
33%
AL 23058 Clarke
33%
MS 15553 Clarke
33%
VA 14882 Clarke
33%
IA 9737 Clarke
33%
NY 79839 Clinton
33%
MI 79249 Clinton
33%
IA 46488 Clinton
33%
OH 42077 Clinton
33%
PA 37860 Clinton
33%
IL 36998 Clinton
33%
IN 33020 Clinton
33%
MO 21155 Clinton
33%
KY 9295 Clinton
33%
OK 5287 Coal
33%
CA 1162648 Contra Costa
33%
MO 16893 Cooper
33%
NM 48327 Curry
33%
OR 23404 Curry
33%
SD 5485 Day
33%
AK 2101 Denali
33%
WI 89032 Dodge
33%
NE 37175 Dodge
33%
MN 20893 Dodge
33%
GA 19977 Dodge
33%
WI 105697 Eau Claire
33%
IL 6182 Edwards
33%
KS 2849 Edwards
33%
TX 1380 Edwards
33%
GA 10759 Evans
33%
KS 34212 Ford
33%
IL 13484 Ford
33%
GA 1061944 Fulton
33%
NY 53280 Fulton
33%
OH 42602 Fulton
33%
IL 33691 Fulton
33%
IN 20420 Fulton
33%
PA 14545 Fulton
33%
AR 12183 Fulton
33%
KY 6480 Fulton
33%
TX 350801 Galveston
33%
AZ 38453 Graham
33%
NC 8047 Graham
33%
KS 2430 Graham
33%
MO 299188 Greene
33%
OH 167567 Greene
33%
TN 70399 Greene
33%
NY 48067 Greene
33%
AR 45954 Greene
33%
PA 35781 Greene
33%
IN 30900 Greene
33%
VA 20631 Greene
33%
NC 20407 Greene
33%
GA 19020 Greene
33%
MS 13672 Greene
33%
IL 12015 Greene
33%
IA 8801 Greene
33%
AL 7706 Greene
33%
VA 137217 Hampton
33%
SC 18890 Hampton
33%
IN 80170 Hancock
33%
OH 75072 Hancock
33%
ME 55851 Hancock
33%
MS 46010 Hancock
33%
WV 28907 Hancock
33%
IL 17582 Hancock
33%
IA 10790 Hancock
33%
KY 9058 Hancock
33%
GA 8588 Hancock
33%
TN 6726 Hancock
33%
KY 111005 Hardin
33%
TX 56576 Hardin
33%
OH 30622 Hardin
33%
TN 26824 Hardin
33%
IA 16861 Hardin
33%
IL 3665 Hardin
33%
HI 202163 Hawaii
33%
TX 245351 Hays
33%
MN 1270787 Hennepin
33%
TX 101596 Hunt
33%
IA 6969 Ida
33%
ID 16787 Idaho
33%
PA 83394 Indiana
33%
WI 23766 Iowa
33%
IA 16575 Iowa
33%
IL 21462 Jersey
33%
NC 219042 Johnston
33%
OK 10410 Johnston
33%
IL 107421 Kankakee
33%
WI 168693 Kenosha
33%
MN 3786 Lake of the Woods
33%
PA 553202 Lancaster
33%
NE 322063 Lancaster
33%
SC 97611 Lancaster
33%
VA 10866 Lancaster
33%
OR 382218 Lane
33%
KS 1528 Lane
33%
AL 94329 Lauderdale
33%
MS 72741 Lauderdale
33%
TN 25171 Lauderdale
33%
PA 85907 Lawrence
33%
OH 57994 Lawrence
33%
IN 45113 Lawrence
33%
TN 44377 Lawrence
33%
MO 38231 Lawrence
33%
AL 33116 Lawrence
33%
SD 26047 Lawrence
33%
AR 16258 Lawrence
33%
KY 16228 Lawrence
33%
IL 15302 Lawrence
33%
MS 11933 Lawrence
33%
FL 294128 Leon
33%
TX 15928 Leon
33%
OK 49919 Logan
33%
OH 46098 Logan
33%
WV 32350 Logan
33%
IL 28027 Logan
33%
KY 27498 Logan
33%
CO 21302 Logan
33%
AR 21247 Logan
33%
KS 2752 Logan
33%
ND 1849 Logan
33%
NE 839 Logan
33%
GA 16804 Long
33%
TX 311509 Lubbock
33%
CA 260485 Marin
33%
NM 72073 McKinley
33%
AR 42682 Miller
33%
MO 24855 Miller
33%
GA 5923 Miller
33%
IA 14605 Mills
33%
TX 4501 Mills
33%
WI 933063 Milwaukee
33%
AR 40361 Mississippi
33%
MO 12305 Mississippi
33%
CA 437609 Monterey
33%
AL 123102 Morgan
33%
IN 71757 Morgan
33%
IL 32882 Morgan
33%
CO 29045 Morgan
33%
MO 21169 Morgan
33%
TN 21124 Morgan
33%
GA 20171 Morgan
33%
WV 17237 Morgan
33%
OH 13851 Morgan
33%
KY 13840 Morgan
33%
UT 12367 Morgan
33%
NJ 508816 Morris
33%
TX 11993 Morris
33%
KS 5385 Morris
33%
MN 34023 Morrison
33%
OR 808098 Multnomah
33%
CA 137384 Napa
33%
GA 113298 Newton
33%
MO 59019 Newton
33%
MS 21275 Newton
33%
IN 13829 Newton
33%
TX 12333 Newton
33%
AR 7243 Newton
33%
PA 314299 Northampton
33%
NC 17528 Northampton
33%
VA 12132 Northampton
33%
MI 1272264 Oakland
33%
NY 112288 Ontario
33%
ME 58276 Oxford
33%
NC 171196 Pitt
33%
OK 43758 Pittsburg
33%
MO 107033 Platte
33%
NE 34219 Platte
33%
WY 8618 Platte
33%
MA 529548 Plymouth
33%
IA 25621 Plymouth
33%
IN 173355 Porter
33%
VA 42634 Prince George
33%
WI 197068 Racine
33%
KS 61881 Reno
33%
TN 33031 Rhea
33%
NE 7850 Richardson
33%
SC 416161 Richland
33%
OH 125008 Richland
33%
LA 20028 Richland
33%
WI 17256 Richland
33%
ND 16548 Richland
33%
IL 15716 Richland
33%
MT 11366 Richland
33%
VA 99213 Roanoke
33%
VA 96653 Roanoke
33%
NY 337326 Rockland
33%
OK 95870 Rogers
33%
CA 2180563 San Bernardino
33%
CA 754250 San Mateo
33%
CA 445213 Santa Barbara
33%
CA 1916831 Santa Clara
33%
IA 174315 Scott
33%
MN 151347 Scott
33%
KY 57286 Scott
33%
MO 38055 Scott
33%
MS 27943 Scott
33%
IN 24403 Scott
33%
TN 21917 Scott
33%
VA 21536 Scott
33%
AR 9871 Scott
33%
KS 5128 Scott
33%
IL 4899 Scott
33%
TN 926440 Shelby
33%
AL 223916 Shelby
33%
OH 48145 Shelby
33%
KY 48105 Shelby
33%
IN 44940 Shelby
33%
TX 24157 Shelby
33%
IL 21042 Shelby
33%
IA 11737 Shelby
33%
MO 6049 Shelby
33%
MS 25889 Simpson
33%
KY 19574 Simpson
33%
IA 35815 Sioux
33%
ND 3896 Sioux
33%
NE 1162 Sioux
33%
CA 488436 Sonoma
33%
VA 18003 Southampton
33%
OH 374199 Stark
33%
ND 32989 Stark
33%
IL 5395 Stark
33%
TX 1392 Sterling
33%
WA 46774 Stevens
33%
MN 9682 Stevens
33%
KS 5275 Stevens
33%
MO 999703 St. Louis
33%
MO 298018 St. Louis
33%
MN 200122 St. Louis
33%
DE 240668 Sussex
33%
NJ 144808 Sussex
33%
VA 10866 Sussex
33%
NM 34475 Taos
33%
MO 24828 Texas
33%
OK 21144 Texas
33%
AL 231558 Tuscaloosa
33%
UT 666021 Utah
33%
MI 75636 Van Buren
33%
AR 15900 Van Buren
33%
IA 7207 Van Buren
33%
TN 6182 Van Buren
33%
CA 842009 Ventura
33%
VA 457900 Virginia Beach
33%
WI 407290 Waukesha
33%
NY 40338 Wyoming
33%
PA 26219 Wyoming
33%
WV 21237 Wyoming
33%
TX 17903 Young
33%
NY 315041 Albany
22%
WY 37525 Albany
22%
NC 36505 Alexander
22%
IL 5261 Alexander
22%
CA 1515 Alpine
22%
AZ 66054 Apache
22%
AR 19018 Ashley
22%
OH 97666 Ashtabula
22%
ND 10826 Barnes
22%
TX 3475 Baylor
22%
SC 189071 Beaufort
22%
NC 44711 Beaufort
22%
PA 167629 Beaver
22%
UT 7102 Beaver
22%
OK 5071 Beaver
22%
VA 79761 Bedford
22%
TN 50533 Bedford
22%
PA 47613 Bedford
22%
VT 37326 Bennington
22%
PA 428483 Berks
22%
MA 128763 Berkshire
22%
NM 674692 Bernalillo
22%
ND 839 Billings
22%
MO 184043 Boone
22%
KY 136150 Boone
22%
IN 71235 Boone
22%
IL 53459 Boone
22%
AR 37662 Boone
22%
IA 26700 Boone
22%
WV 21705 Boone
22%
NE 5397 Boone
22%
MA 576699 Bristol
22%
RI 50658 Bristol
22%
VA 17036 Bristol
22%
GA 16275 Brooks
22%
TX 7059 Brooks
22%
NY 198365 Broome
22%
FL 1,940,907 Broward
22%
OK 46528 Bryan
22%
GA 44995 Bryan
22%
NC 87799 Burke
22%
GA 24337 Burke
22%
ND 2184 Burke
22%
CA 213605 Butte
22%
SD 10369 Butte
22%
ID 2605 Butte
22%
NC 80716 Caldwell
22%
TX 46141 Caldwell
22%
KY 12635 Caldwell
22%
LA 9658 Caldwell
22%
MO 8876 Caldwell
22%
TX 421854 Cameron
22%
LA 5447 Cameron
22%
PA 4536 Cameron
22%
TX 12543 Camp
22%
KY 93122 Campbell
22%
VA 55518 Campbell
22%
WY 46857 Campbell
22%
TN 39397 Campbell
22%
SD 1534 Campbell
22%
TN 14481 Cannon
22%
ID 235006 Canyon
22%
NJ 95456 Cape May
22%
ND 186328 Cass
22%
MO 108205 Cass
22%
MI 51604 Cass
22%
IN 37820 Cass
22%
MN 30288 Cass
22%
TX 28637 Cass
22%
NE 26749 Cass
22%
IA 13116 Cass
22%
IL 12955 Cass
22%
IA 18479 Cedar
22%
MO 14314 Cedar
22%
NE 8375 Cedar
22%
TX 47037 Chambers
22%
AL 34612 Chambers
22%
FL 189900 Charlotte
22%
VA 11563 Charlotte
22%
GA 765813 Cobb
22%
MO 76890 Cole
22%
TX 7808 Coleman
22%
OR 64908 Coos
22%
NH 31430 Coos
22%
OH 1256620 Cuyahoga
22%
MT 1535 Daniels
22%
GA 29063 Decatur
22%
IN 26432 Decatur
22%
TN 11483 Decatur
22%
IA 7684 Decatur
22%
KS 2771 Decatur
22%
GA 761209 DeKalb
22%
IL 100686 DeKalb
22%
AL 71680 DeKalb
22%
IN 43312 DeKalb
22%
TN 20209 DeKalb
22%
MO 11838 DeKalb
22%
NE 5579 Dixon
22%
IL 930559 DuPage
22%
FL 995708 Duval
22%
TX 9960 Duval
22%
IN 206841 Elkhart
22%
TX 195509 Ellis
22%
KS 28921 Ellis
22%
OK 3755 Ellis
22%
NJ 853374 Essex
22%
MA 806103 Essex
22%
NY 37314 Essex
22%
VA 10602 Essex
22%
VT 5976 Essex
22%
VA 1145354 Fairfax
22%
VA 24242 Fairfax
22%
MN 21251 Fillmore
22%
NE 5557 Fillmore
22%
MD 273829 Frederick
22%
VA 92007 Frederick
22%
CO 49107 Fremont
22%
WY 39402 Fremont
22%
ID 13519 Fremont
22%
IA 6639 Fremont
22%
NE 1778 Garden
22%
OK 62456 Garfield
22%
CO 61683 Garfield
22%
UT 5121 Garfield
22%
WA 2310 Garfield
22%
NE 1833 Garfield
22%
MT 976 Garfield
22%
OH 95455 Geauga
22%
NJ 302621 Gloucester
22%
VA 38875 Gloucester
22%
GA 57785 Gordon
22%
NH 90836 Grafton
22%
CO 15724 Grand
22%
UT 9680 Grand
22%
TX 21272 Gray
22%
KS 5719 Gray
22%
SC 528251 Greenville
22%
NC 539557 Guilford
22%
MA 153931 Hampshire
22%
WV 23275 Hampshire
22%
NC 116469 Henderson
22%
TX 82627 Henderson
22%
KY 44770 Henderson
22%
TN 27845 Henderson
22%
IL 6374 Henderson
22%
IN 175639 Hendricks
22%
TX 873167 Hidalgo
22%
NM 4160 Hidalgo
22%
FL 1468560 Hillsborough
22%
NH 422733 Hillsborough
22%
MS 226541 Hinds
22%
TX 62459 Hood
22%
OR 23965 Hood River
22%
NJ 712029 Hudson
22%
CA 136132 Humboldt
22%
NV 17266 Humboldt
22%
IA 9606 Humboldt
22%
IN 36699 Huntington
22%
OH 58518 Huron
22%
MI 31461 Huron
22%
CA 179578 Imperial
22%
CA 18829 Inyo
22%
IL 27043 Iroquois
22%
WA 86510 Island
22%
MO 122788 Jasper
22%
IA 37808 Jasper
22%
IN 33045 Jasper
22%
TX 33032 Jasper
22%
SC 29444 Jasper
22%
MS 16320 Jasper
22%
GA 14882 Jasper
22%
IL 9295 Jasper
22%
IN 20451 Jay
22%
OR 87994 Josephine
22%
CA 906883 Kern
22%
OR 69506 Klamath
22%
WI 120216 La Crosse
22%
WY 100316 Laramie
22%
CO 359363 Larimer
22%
CO 14422 Las Animas
22%
NM 73103 Lea
22%
IA 229308 Linn
22%
OR 128598 Linn
22%
MO 11892 Linn
22%
KS 9696 Linn
22%
MI 194302 Livingston
22%
LA 143425 Livingston
22%
NY 61980 Livingston
22%
IL 35771 Livingston
22%
MO 14402 Livingston
22%
KY 8980 Livingston
22%
OH 313101 Lorain
22%
OK 10158 Love
22%
TX 5619 Lynn
22%
MI 878453 Macomb
22%
OH 227979 Mahoning
22%
OR 31538 Malheur
22%
CA 17130 Mariposa
22%
MI 66376 Marquette
22%
WI 15619 Marquette
22%
WA 66053 Mason
22%
MI 29178 Mason
22%
WV 25488 Mason
22%
KY 17068 Mason
22%
IL 13074 Mason
22%
TX 3959 Mason
22%
IL 311133 McHenry
22%
ND 5326 McHenry
22%
PA 40459 McKean
22%
ND 14081 McKenzie
22%
IL 171284 McLean
22%
ND 9781 McLean
22%
KY 9173 McLean
22%
NC 1115403 Mecklenburg
22%
VA 30367 Mecklenburg
22%
NJ 383732 Mercer
22%
PA 110600 Mercer
22%
WV 59530 Mercer
22%
OH 42321 Mercer
22%
KY 22662 Mercer
22%
IL 15692 Mercer
22%
ND 8366 Mercer
22%
MO 3517 Mercer
22%
TX 169393 Midland
22%
MI 83503 Midland
22%
MT 118541 Missoula
22%
GA 21634 Mitchell
22%
NC 14989 Mitchell
22%
IA 10537 Mitchell
22%
TX 8947 Mitchell
22%
KS 5829 Mitchell
22%
CO 42823 Montrose
22%
NY 1389160 Nassau
22%
FL 91538 Nassau
22%
AZ 107110 Navajo
22%
KY 46779 Nelson
22%
VA 14773 Nelson
22%
ND 3025 Nelson
22%
DE 570567 New Castle
22%
WV 24624 Nicholas
22%
KY 7613 Nicholas
22%
WV 42224 Ohio
22%
KY 23782 Ohio
22%
IN 5974 Ohio
22%
NY 231055 Oneida
22%
WI 37799 Oneida
22%
ID 4572 Oneida
22%
NY 472637 Onondaga
22%
MO 8783 Oregon
22%
IN 21361 Owen
22%
KY 11229 Owen
22%
WA 23396 Pacific
22%
FL 1494805 Palm Beach
22%
FL 569211 Pasco
22%
VA 17660 Patrick
22%
SD 2970 Perkins
22%
NE 2860 Perkins
22%
AZ 1042393 Pima
22%
AZ 433338 Pinal
22%
CA 406608 Placer
22%
MN 547202 Ramsey
22%
ND 11613 Ramsey
22%
MO 23122 Ray
22%
TX 3308 Reagan
22%
MN 67152 Rice
22%
KS 9441 Rice
22%
CO 11442 Rio Grande
22%
OH 76957 Ross
22%
MI 189821 Saginaw
22%
CA 281712 San Luis Obispo
22%
CA 268571 Santa Cruz
22%
AZ 47838 Santa Cruz
22%
FL 188994 Santa Rosa
22%
WI 117741 Sheboygan
22%
WY 31176 Sheridan
22%
NE 5102 Sheridan
22%
MT 3700 Sheridan
22%
KS 2450 Sheridan
22%
ND 1338 Sheridan
22%
NM 11506 Sierra
22%
CA 2916 Sierra
22%
OK 43140 Stephens
22%
GA 26732 Stephens
22%
TX 9260 Stephens
22%
IL 44482 Stephenson
22%
AR 23138 St. Francis
22%
FL 334682 St. Lucie
22%
LA 49114 St. Mary
22%
TN 158722 Sullivan
22%
NY 78725 Sullivan
22%
NH 43356 Sullivan
22%
IN 20791 Sullivan
22%
MO 5983 Sullivan
22%
PA 5880 Sullivan
22%
OH 539361 Summit
22%
UT 42524 Summit
22%
CO 30955 Summit
22%
TX 2113854 Tarrant
22%
TX 11816 Terry
22%
OR 27345 Tillamook
22%
WV 6747 Tucker
22%
NJ 572079 Union
22%
NC 240109 Union
22%
OH 63411 Union
22%
PA 42908 Union
22%
AR 38815 Union
22%
MS 27880 Union
22%
SC 27158 Union
22%
OR 26286 Union
22%
GA 24880 Union
22%
LA 21049 Union
22%
TN 19860 Union
22%
IL 17122 Union
22%
SD 16700 Union
22%
FL 15524 Union
22%
KY 13495 Union
22%
IA 12107 Union
22%
IN 7041 Union
22%
NM 4074 Union
22%
TX 91209 Victoria
22%
KS 1489 Wallace
22%
WA 62150 Walla Walla
22%
ND 69532 Ward
22%
TX 11347 Ward
22%
TX 267282 Webb
22%
MO 39265 Webster
22%
IA 36986 Webster
22%
LA 36761 Webster
22%
KY 12951 Webster
22%
MS 9942 Webster
22%
WV 8362 Webster
22%
NE 3410 Webster
22%
GA 2354 Webster
22%
CO 331466 Weld
22%
NY 997904 Westchester
22%
TX 129584 Wichita
22%
KS 2131 Wichita
22%
AL 23655 Winston
22%
MS 17741 Winston
22%
OH 131564 Wood
22%
WV 84272 Wood
22%
WI 74138 Wood
22%
TX 45341 Wood
22%
OK 8661 Woods
22%
KS 3134 Woodson
22%
GA 20706 Worth
22%
IA 7417 Worth
22%
MO 1982 Worth
22%
MN 142543 Wright
22%
MO 18475 Wright
22%
IA 12897 Wright
22%
AR 20342 Yell
22%
MT 165524 Yellowstone
22%
CA 81705 Yuba
22%
SC 24368 Abbeville
11%
MO 25299 Adair
11%
OK 19726 Adair
11%
KY 18887 Adair
11%
IA 7479 Adair
11%
VT 37434 Addison
11%
SC 169865 Aiken
11%
MN 15859 Aitkin
11%
CO 16460 Alamosa
11%
CA 40577 Amador
11%
VA 13309 Amelia
11%
VA 31426 Amherst
11%
ME 111532 Androscoggin
11%
MD 588109 Anne Arundel
11%
MN 363985 Anoka
11%
NE 6302 Antelope
11%
ME 67237 Aroostook
11%
NE 485 Arthur
11%
NC 26759 Ashe
11%
WA 22370 Asotin
11%
LA 21067 Assumption
11%
OK 14117 Atoka
11%
NC 17679 Avery
11%
CO 3496 Baca
11%
TX 6902 Bailey
11%
AL 233420 Baldwin
11%
GA 43778 Baldwin
11%
TX 21182 Bandera
11%
MA 229436 Barnstable
11%
GA 84399 Barrow
11%
MO 16101 Bates
11%
KY 12739 Bath
11%
VA 4177 Bath
11%
SD 19089 Beadle
11%
ID 6436 Bear Lake
11%
MT 9469 Beaverhead
11%
NH 63914 Belknap
11%
OH 66554 Belmont
11%
SD 3391 Bennett
11%
ND 5960 Benson
11%
MI 18058 Benzie
11%
NJ 953243 Bergen
11%
MI 153938 Berrien
11%
GA 18187 Berrien
11%
IA 131041 Black Hawk
11%
MN 69022 Blue Earth
11%
ID 47976 Bonner
11%
LA 128877 Bossier
11%
TX 92747 Bowie
11%
TN 108859 Bradley
11%
AR 10461 Bradley
11%
MI 44795 Branch
11%
GA 18105 Brantley
11%
TX 374600 Brazoria
11%
TX 234548 Brazos
11%
FL 610723 Brevard
11%
WV 22349 Brooke
11%
CO 73946 Broomfield
11%
NC 139721 Brunswick
11%
VA 15965 Brunswick
11%
NC 269449 Buncombe
11%
GA 25522 Butts
11%
UT 134428 Cache
11%
LA 236259 Caddo
11%
OK 26910 Caddo
11%
CA 45674 Calaveras
11%
LA 210770 Calcasieu
11%
MI 134011 Calhoun
11%
AL 116162 Calhoun
11%
TX 20127 Calhoun
11%
SC 14145 Calhoun
11%
FL 13753 Calhoun
11%
MS 13193 Calhoun
11%
IA 9893 Calhoun
11%
WV 6279 Calhoun
11%
GA 5594 Calhoun
11%
AR 4773 Calhoun
11%
IL 4472 Calhoun
11%
WI 52361 Calumet
11%
PA 133263 Cambria
11%
MO 81703 Cape Girardeau
11%
MD 33320 Caroline
11%
VA 31181 Caroline
11%
MD 173225 Carroll
11%
GA 120060 Carroll
11%
NH 50679 Carroll
11%
VA 29126 Carroll
11%
TN 28381 Carroll
11%
AR 28362 Carroll
11%
OH 26761 Carroll
11%
IA 20728 Carroll
11%
IN 20397 Carroll
11%
IL 15594 Carroll
11%
KY 10842 Carroll
11%
MS 9930 Carroll
11%
MO 8513 Carroll
11%
TX 7381 Castro
11%
NM 3635 Catron
11%
NY 77000 Cattaraugus
11%
NY 76171 Cayuga
11%
PA 158665 Centre
11%
IA 42979 Cerro Gordo
11%
IL 206525 Champaign
11%
OH 38715 Champaign
11%
VA 6760 Charles City
11%
MI 26174 Charlevoix
11%
VA 46289 Charlottesville
11%
NE 3704 Chase
11%
KS 2570 Chase
11%
GA 296266 Chatham
11%
NC 76754 Chatham
11%
NY 127440 Chautauqua
11%
KS 3389 Chautauqua
11%
NM 64701 Chaves
11%
MI 25709 Cheboygan
11%
WA 79076 Chelan
11%
NH 76610 Cheshire
11%
VA 366019 Chesterfield
11%
SC 43536 Chesterfield
11%
MS 17024 Chickasaw
11%
IA 11957 Chickasaw
11%
WI 66254 Chippewa
11%
MI 36670 Chippewa
11%
MN 12466 Chippewa
11%
VT 168309 Chittenden
11%
OK 14285 Choctaw
11%
AL 12669 Choctaw
11%
MS 8208 Choctaw
11%
MO 89568 Christian
11%
KY 72766 Christian
11%
IL 33893 Christian
11%
NV 25409 Churchill
11%
NM 27211 Cibola
11%
OK 2272 Cimarron
11%
FL 155173 Citrus
11%
OR 420925 Clackamas
11%
WA 77333 Clallam
11%
OR 41190 Clatsop
11%
MO 253085 Clay
11%
FL 219650 Clay
11%
MN 65307 Clay
11%
IN 26396 Clay
11%
KY 20322 Clay
11%
MS 18598 Clay
11%
IA 16423 Clay
11%
SD 14953 Clay
11%
AR 14537 Clay
11%
AL 14209 Clay
11%
IL 13248 Clay
11%
NC 11186 Clay
11%
TX 10290 Clay
11%
KS 8088 Clay
11%
WV 8049 Clay
11%
TN 7592 Clay
11%
NE 6088 Clay
11%
GA 2855 Clay
11%
ID 8810 Clearwater
11%
MN 8541 Clearwater
11%
OH 208851 Clermont
11%
KS 9008 Cloud
11%
AZ 144705 Coconino
11%
SD 28402 Codington
11%
FL 380221 Collier
11%
CA 21811 Colusa
11%
TX 165201 Comal
11%
CO 7553 Conejos
11%
AR 20782 Conway
11%
OH 36629 Coshocton
11%
OK 5537 Cotton
11%
MN 11481 Cottonwood
11%
AL 37542 Covington
11%
MS 18323 Covington
11%
VA 5722 Covington
11%
GA 147449 Coweta
11%
NC 101098 Craven
11%
PA 83876 Crawford
11%
AR 60593 Crawford
11%
OH 41861 Crawford
11%
KS 39012 Crawford
11%
MO 23023 Crawford
11%
IL 18729 Crawford
11%
IA 16450 Crawford
11%
WI 16123 Crawford
11%
MI 13197 Crawford
11%
GA 12156 Crawford
11%
IN 10511 Crawford
11%
OK 72076 Creek
11%
AR 47945 Crittenden
11%
KY 8979 Crittenden
11%
OR 24987 Crook
11%
WY 7258 Crook
11%
NC 28616 Currituck
11%
OK 28391 Custer
11%
MT 11957 Custer
11%
NE 10566 Custer
11%
SD 8515 Custer
11%
CO 4885 Custer
11%
ID 4344 Custer
11%
AL 49455 Dale
11%
WI 559891 Dane
11%
VA 42507 Danville
11%
PA 286108 Dauphin
11%
SD 19966 Davison
11%
MT 9435 Deer Lodge
11%
OH 38300 Defiance
11%
CA 27462 Del Norte
11%
MO 14509 Dent
11%
TX 914870 Denton
11%
OR 199352 Deschutes
11%
MS 186214 DeSoto
11%
FL 34258 DeSoto
11%
LA 26821 De Soto
11%
TX 19826 DeWitt
11%
IL 15535 De Witt
11%
DC 670587 District of Columbia
11%
KS 7501 Doniphan
11%
NY 296467 Dutchess
11%
LA 454369 East Baton Rouge
11%
LA 7371 East Carroll
11%
MI 109072 Eaton
11%
TX 162300 Ector
11%
NM 61264 Eddy
11%
ND 2345 Eddy
11%
NC 49067 Edgecombe
11%
SC 26181 Edgefield
11%
CA 191713 El Dorado
11%
NV 53600 Elko
11%
KY 7378 Elliott
11%
KS 6374 Ellsworth
11%
AL 87694 Elmore
11%
ID 28752 Elmore
11%
NV 1622 Eureka
11%
OH 159371 Fairfield
11%
SC 20942 Fairfield
11%
TX 17013 Falls
11%
MN 13931 Faribault
11%
SD 2140 Faulk
11%
VA 73290 Fauquier
11%
WA 7260 Ferry
11%
SC 137015 Florence
11%
WI 4574 Florence
11%
GA 98541 Floyd
11%
IN 80191 Floyd
11%
KY 35780 Floyd
11%
IA 15601 Floyd
11%
VA 15532 Floyd
11%
TX 5386 Floyd
11%
WI 104027 Fond du Lac
11%
WI 9239 Forest
11%
PA 6959 Forest
11%
MS 77917 Forrest
11%
NC 383739 Forsyth
11%
GA 253225 Forsyth
11%
TX 832607 Fort Bend
11%
ND 3388 Foster
11%
VA 28258 Fredericksburg
11%
TX 21523 Gaines
11%
AR 100021 Garland
11%
MD 28856 Garrett
11%
NC 228972 Gaston
11%
NC 10509 Gates
11%
ID 19250 Gem
11%
MI 405280 Genesee
11%
NY 58204 Genesee
11%
AL 26647 Geneva
11%
SC 63594 Georgetown
11%
TN 50455 Gibson
11%
IN 33006 Gibson
11%
TX 26953 Gillespie
11%
FL 12179 Glades
11%
CA 28657 Glenn
11%
WY 12592 Goshen
11%
MT 3368 Granite
11%
TX 137008 Grayson
11%
KY 26465 Grayson
11%
VA 15356 Grayson
11%
NE 2212 Greeley
11%
KS 1279 Greeley
11%
WI 19093 Green Lake
11%
AZ 9483 Greenlee
11%
VA 11373 Greensville
11%
SC 69309 Greenwood
11%
KS 6001 Greenwood
11%
OH 38409 Guernsey
11%
FL 15002 Gulf
11%
GA 204953 Hall
11%
NE 62575 Hall
11%
TX 2847 Hall
11%
MA 464575 Hampden
11%
VA 110513 Hanover
11%
SD 3443 Hanson
11%
FL 25528 Hardee
11%
SD 1176 Harding
11%
NM 671 Harding
11%
WV 14249 Hardy
11%
MD 261059 Harford
11%
OK 2499 Harmon
11%
OR 7496 Harney
11%
KS 5457 Harper
11%
OK 3272 Harper
11%
TX 5369 Hartley
11%
KS 33959 Harvey
11%
TN 57107 Hawkins
11%
NE 919 Hayes
11%
NY 60293 Herkimer
11%
FL 196621 Hernando
11%
NE 10149 Holt
11%
MO 4274 Holt
11%
VA 23046 Hopewell
11%
SC 356578 Horry
11%
AR 33129 Hot Spring
11%
MD 332011 Howard
11%
IN 83452 Howard
11%
TX 34488 Howard
11%
AR 12779 Howard
11%
MO 10142 Howard
11%
IA 9479 Howard
11%
NE 6476 Howard
11%
MO 39960 Howell
11%
CO 6896 Huerfano
11%
TN 19032 Humphreys
11%
MS 7744 Humphreys
11%
NJ 129099 Hunterdon
11%
TX 20595 Hutchinson
11%
SD 7401 Hutchinson
11%
LA 69958 Iberia
11%
LA 30210 Iberville
11%
MI 282540 Ingham
11%
MI 66663 Ionia
11%
MI 25319 Iosco
11%
NC 187839 Iredell
11%
UT 58068 Iron
11%
MI 11585 Iron
11%
MO 9538 Iron
11%
WI 6136 Iron
11%
MS 1206 Issaquena
11%
MN 45054 Itasca
11%
MS 23888 Itawamba
11%
VA 78818 James City
11%
GA 14791 Jeff Davis
11%
TX 1992 Jeff Davis
11%
TX 4830 Jim Hogg
11%
IL 21942 Jo Daviess
11%
AK 32108 Juneau
11%
WI 26695 Juneau
11%
MI 261426 Kalamazoo
11%
WV 179895 Kanawha
11%
MN 43686 Kandiyohi
11%
IL 517254 Kane
11%
UT 7814 Kane
11%
TX 14805 Karnes
11%
HI 73511 Kauai
11%
TX 149773 Kaufman
11%
OK 43859 Kay
11%
NE 6655 Kearney
11%
KS 3964 Kearny
11%
NE 8303 Keith
11%
TX 116 Kenedy
11%
ME 124003 Kennebec
11%
IA 10026 Keokuk
11%
TX 52810 Kerr
11%
WI 20570 Kewaunee
11%
VA 26985 King George
11%
VA 17845 King William
11%
CO 7039 Kit Carson
11%
WA 275411 Kitsap
11%
WA 44424 Kittitas
11%
TX 30860 Kleberg
11%
WA 22798 Klickitat
11%
ID 173396 Kootenai
11%
MN 6736 Lac qui Parle
11%
LA 97220 Lafourche
11%
MS 64425 Lamar
11%
TX 50149 Lamar
11%
GA 18676 Lamar
11%
AL 13885 Lamar
11%
VT 25977 Lamoille
11%
TX 21829 Lampasas
11%
NV 5728 Lander
11%
AZ 16681 La Paz
11%
MI 88687 Lapeer
11%
CO 55983 La Plata
11%
CA 31873 Lassen
11%
MS 21335 Leake
11%
KS 82050 Leavenworth
11%
PA 143258 Lebanon
11%
OK 48525 Le Flore
11%
MS 27920 Leflore
11%
PA 374110 Lehigh
11%
MI 99263 Lenawee
11%
MT 71487 Lewis and Clark
11%
TX 93523 Liberty
11%
GA 65550 Liberty
11%
FL 7704 Liberty
11%
MT 1993 Liberty
11%
TX 21637 Llano
11%
NM 19253 Los Alamos
11%
VA 420773 Loudoun
11%
VA 38106 Louisa
11%
IA 10823 Louisa
11%
TX 96 Loving
11%
PA 325396 Luzerne
11%
VA 79166 Lynchburg
11%
FL 405069 Manatee
11%
WI 81242 Manitowoc
11%
AL 97923 Marshall
11%
IN 46208 Marshall
11%
IA 40049 Marshall
11%
TN 34567 Marshall
11%
MS 33980 Marshall
11%
KY 31706 Marshall
11%
WV 30509 Marshall
11%
OK 15494 Marshall
11%
IL 11740 Marshall
11%
KS 10014 Marshall
11%
MN 9017 Marshall
11%
SD 4363 Marshall
11%
HI 164765 Maui
11%
TX 57806 Maverick
11%
SC 9612 McCormick
11%
KY 67573 McCracken
11%
MO 23381 McDonald
11%
NC 44629 McDowell
11%
WV 18911 McDowell
11%
OK 19159 McIntosh
11%
GA 11183 McIntosh
11%
ND 2529 McIntosh
11%
MN 36727 McLeod
11%
TN 53532 McMinn
11%
TN 25895 McNairy
11%
KS 30085 McPherson
11%
SD 2251 McPherson
11%
NE 456 McPherson
11%
CA 91145 Mendocino
11%
MI 23433 Menominee
11%
WI 4279 Menominee
11%
CA 282290 Merced
11%
PA 46146 Mifflin
11%
SD 2312 Miner
11%
WV 26957 Mineral
11%
MT 4652 Mineral
11%
NV 4568 Mineral
11%
CO 794 Mineral
11%
SD 197742 Minnehaha
11%
CA 8651 Modoc
11%
NJ 643064 Monmouth
11%
CA 13219 Mono
11%
WV 105988 Monongalia
11%
TX 20197 Montague
11%
NC 100759 Moore
11%
TX 21284 Moore
11%
TN 6558 Moore
11%
GA 40063 Murray
11%
OK 13837 Murray
11%
MN 8170 Murray
11%
IA 42968 Muscatine
11%
MI 175947 Muskegon
11%
OH 86393 Muskingum
11%
OK 66606 Muskogee
11%
TX 64768 Nacogdoches
11%
MA 14065 Nantucket
11%
LA 37478 Natchitoches
11%
NC 228134 New Hanover
11%
MO 16341 New Madrid
11%
VA 185118 Newport News
11%
ID 42200 Nez Perce
11%
NY 212230 Niagara
11%
IN 47431 Noble
11%
OH 14216 Noble
11%
OK 10981 Noble
11%
TX 14657 Nolan
11%
AK 10018 Nome
11%
MN 6457 Norman
11%
PA 91340 Northumberland
11%
VA 12007 Northumberland
11%
KS 5431 Norton
11%
VA 3668 Norton
11%
TX 353245 Nueces
11%
IA 14138 O'Brien
11%
SC 78775 Oconee
11%
GA 41978 Oconee
11%
FL 212021 Okaloosa
11%
WA 42336 Okanogan
11%
FL 39870 Okeechobee
11%
OK 11349 Okfuskee
11%
OK 36900 Okmulgee
11%
MS 51388 Oktibbeha
11%
MN 162307 Olmsted
11%
MI 5862 Ontonagon
11%
SC 84159 Orangeburg
11%
FL 393745 Osceola
11%
MI 23022 Osceola
11%
IA 6149 Osceola
11%
NY 118037 Oswego
11%
NM 67850 Otero
11%
CO 18580 Otero
11%
NY 59678 Otsego
11%
MI 25221 Otsego
11%
MI 296183 Ottawa
11%
OH 40367 Ottawa
11%
OK 30472 Ottawa
11%
KS 5768 Ottawa
11%
WI 190611 Outagamie
11%
TN 22576 Overton
11%
IA 8938 Palo Alto
11%
NJ 519986 Passaic
11%
OK 15682 Pawnee
11%
KS 6288 Pawnee
11%
NE 2553 Pawnee
11%
ID 25571 Payette
11%
TX 15114 Pecos
11%
MO 15555 Pemiscot
11%
KY 14638 Pendleton
11%
WV 6156 Pendleton
11%
WA 13570 Pend Oreille
11%
ME 152640 Penobscot
11%
PA 45941 Perry
11%
OH 35451 Perry
11%
KY 28136 Perry
11%
IL 20996 Perry
11%
IN 19186 Perry
11%
MO 18970 Perry
11%
MS 11511 Perry
11%
AR 10055 Perry
11%
AL 8479 Perry
11%
TN 8432 Perry
11%
NC 39131 Person
11%
MO 44843 Phelps
11%
NE 8966 Phelps
11%
AR 16373 Phillips
11%
KS 4960 Phillips
11%
CO 4493 Phillips
11%
MT 4233 Phillips
11%
MN 29090 Pine
11%
FL 959918 Pinellas
11%
LA 23305 Plaquemines
11%
CA 19650 Plumas
11%
WV 7940 Pocahontas
11%
IA 7061 Pocahontas
11%
OK 38116 Pontotoc
11%
MS 31202 Pontotoc
11%
OH 161217 Portage
11%
WI 70281 Portage
11%
VA 97384 Portsmouth
11%
TX 117905 Potter
11%
PA 16390 Potter
11%
SD 2587 Potter
11%
AR 8217 Prairie
11%
MT 1283 Prairie
11%
MD 957189 Prince George's
11%
AR 398322 Pulaski
11%
KY 65145 Pulaski
11%
MO 53726 Pulaski
11%
VA 33841 Pulaski
11%
IN 12498 Pulaski
11%
GA 9887 Pulaski
11%
IL 5177 Pulaski
11%
NY 97942 Putnam
11%
TN 80157 Putnam
11%
FL 73604 Putnam
11%
WV 57347 Putnam
11%
IN 36942 Putnam
11%
OH 34400 Putnam
11%
GA 22206 Putnam
11%
IL 5628 Putnam
11%
MO 4698 Putnam
11%
NM 8641 Quay
11%
NC 144403 Randolph
11%
IL 30413 Randolph
11%
WV 28005 Randolph
11%
MO 24652 Randolph
11%
IN 24586 Randolph
11%
AL 22179 Randolph
11%
AR 18619 Randolph
11%
GA 6365 Randolph
11%
MN 3912 Red Lake
11%
TX 11627 Red River
11%
LA 7631 Red River
11%
MN 15428 Redwood
11%
KS 72105 Riley
11%
IN 28990 Ripley
11%
MO 10839 Ripley
11%
TN 53777 Roane
11%
WV 14027 Roane
11%
IL 143819 Rock Island
11%
NC 147067 Rowan
11%
KY 24551 Rowan
11%
TN 343727 Rutherford
11%
NC 64680 Rutherford
11%
VT 60585 Rutland
11%
AR 123988 Saline
11%
KS 54160 Saline
11%
IL 23662 Saline
11%
MO 23219 Saline
11%
NE 14275 Saline
11%
SC 18952 Saluda
11%
NC 59317 Sampson
11%
TX 7920 San Augustine
11%
CA 64753 San Benito
11%
NM 149460 Sandoval
11%
OH 58885 Sandusky
11%
IL 196122 Sangamon
11%
CA 779445 San Joaquin
11%
NM 121798 San Juan
11%
WA 18001 San Juan
11%
UT 14524 San Juan
11%
CO 690 San Juan
11%
NM 27215 San Miguel
11%
CO 8082 San Miguel
11%
TX 68942 San Patricio
11%
TX 5779 San Saba
11%
FL 439392 Sarasota
11%
NY 159447 Schenectady
11%
PA 143201 Schuylkill
11%
NE 36048 Scotts Bluff
11%
AR 7880 Searcy
11%
KS 522700 Sedgwick
11%
CO 2391 Sedgwick
11%
FL 471321 Seminole
11%
OK 23592 Seminole
11%
GA 9117 Seminole
11%
OH 55062 Seneca
11%
NY 33651 Seneca
11%
TN 16065 Sequatchie
11%
OK 39538 Sequoyah
11%
MO 7132 Shannon
11%
CA 181852 Shasta
11%
KS 178625 Shawnee
11%
KS 5940 Sherman
11%
NE 2970 Sherman
11%
TX 2414 Sherman
11%
OR 1900 Sherman
11%
ID 13399 Shoshone
11%
MN 14950 Sibley
11%
MT 35306 Silver Bow
11%
CA 44049 Siskiyou
11%
AK 8462 Sitka
11%
VA 29799 Smyth
11%
WA 828337 Snohomish
11%
CA 450995 Solano
11%
NJ 344978 Somerset
11%
PA 73802 Somerset
11%
ME 50656 Somerset
11%
MD 24672 Somerset
11%
SC 330119 Spartanburg
11%
IN 19935 Spencer
11%
KY 19549 Spencer
11%
CA 552063 Stanislaus
11%
NE 5828 Stanton
11%
KS 2060 Stanton
11%
LA 44038 St. Bernard
11%
MO 406262 St. Charles
11%
LA 52191 St. Charles
11%
IL 256791 St. Clair
11%
MI 160257 St. Clair
11%
AL 91719 St. Clair
11%
MO 9330 St. Clair
11%
MO 18494 Ste. Genevieve
11%
LA 10872 St. Helena
11%
LA 20090 St. James
11%
FL 278722 St. Johns
11%
LA 51856 St. Martin
11%
MD 113814 St. Mary's
11%
MO 31314 Stone
11%
MS 18360 Stone
11%
AR 12393 Stone
11%
IA 98573 Story
11%
NH 130965 Strafford
11%
WV 11985 Summers
11%
TN 196845 Sumner
11%
KS 22517 Sumner
11%
FL 131832 Sumter
11%
SC 105199 Sumter
11%
GA 29378 Sumter
11%
AL 12196 Sumter
11%
CA 99101 Sutter
11%
MN 9806 Swift
11%
LA 133953 Tangipahoa
11%
MS 28094 Tate
11%
CO 24758 Teller
11%
WY 23346 Teton
11%
ID 11813 Teton
11%
MT 6238 Teton
11%
WA 294272 Thurston
11%
NE 6716 Thurston
11%
OK 7013 Tillman
11%
IN 186955 Tippecanoe
11%
TN 61116 Tipton
11%
IN 15328 Tipton
11%
MS 18837 Tishomingo
11%
NY 102555 Tompkins
11%
GA 12546 Towns
11%
MN 3345 Traverse
11%
CA 15889 Trinity
11%
TX 13735 Trinity
11%
TN 11596 Trousdale
11%
OH 201749 Trumbull
11%
CA 473446 Tulare
11%
CA 54993 Tuolumne
11%
GA 8894 Turner
11%
SD 8687 Turner
11%
ID 90592 Twin Falls
11%
NY 182153 Ulster
11%
TN 17845 Unicoi
11%
TX 24833 Uvalde
11%
NM 76613 Valencia
11%
NC 42492 Vance
11%
IN 179900 Vanderburgh
11%
IL 74113 Vermilion
11%
LA 57202 Vermilion
11%
IN 15488 Vermillion
11%
IN 106355 Vigo
11%
FL 558520 Volusia
11%
WA 4476 Wahkiakum
11%
NC 1132103 Wake
11%
ME 39772 Waldo
11%
OR 7439 Wallowa
11%
ND 10553 Walsh
11%
GA 97752 Walton
11%
FL 76618 Walton
11%
UT 35009 Wasatch
11%
NV 486674 Washoe
11%
MI 370231 Washtenaw
11%
UT 262960 Weber
11%
IN 28167 Wells
11%
ND 3990 Wells
11%
LA 27377 West Baton Rouge
11%
LA 9800 West Carroll
11%
PA 354414 Westmoreland
11%
VA 18480 Westmoreland
11%
WY 6870 Weston
11%
WA 226523 Whatcom
11%
NC 66125 Wilkes
11%
GA 9610 Wilkes
11%
MN 6454 Wilkin
11%
TX 20308 Willacy
11%
VA 28103 Winchester
11%
VT 45857 Windham
11%
TX 70062 Wise
11%
VA 36105 Wise
11%
KY 6573 Wolfe
11%
OH 21818 Wyandot
11%
KS 167989 Wyandotte
11%
NC 37280 Yadkin
11%
WA 256143 Yakima
11%
OR 107674 Yamhill
11%
NC 18538 Yancey
11%
AZ 237830 Yavapai
11%
MN 9569 Yellow Medicine
11%
CA 217141 Yolo
11%
TX 13896 Zapata
11%
TX 9700 Zavala
11%
LA 57674 Acadia
0%
VA 33367 Accomack
0%
FL 279729 Alachua
0%
NC 171779 Alamance
0%
VA 112513 Albemarle
0%
MI 10238 Alcona
0%
MS 34717 Alcorn
0%
AK 3407 Aleutians East
0%
AK 5219 Aleutians West
0%
OK 5683 Alfalfa
0%
MI 8866 Alger
0%
IA 14046 Allamakee
0%
MI 120189 Allegan
0%
MD 68161 Allegany
0%
NY 47222 Allegany
0%
VA 15159 Alleghany
0%
NC 10989 Alleghany
0%
SC 8073 Allendale
0%
MI 28911 Alpena
0%
MS 12683 Amite
0%
TX 86608 Angelina
0%
NC 22200 Anson
0%
MI 23662 Antrim
0%
IA 12279 Appanoose
0%
GA 18441 Appling
0%
VA 16253 Appomattox
0%
TX 24048 Aransas
0%
TX 8649 Archer
0%
CO 13509 Archuleta
0%
MI 15031 Arenac
0%
LA 126973 Ascension
0%
TX 49403 Atascosa
0%
KS 16309 Atchison
0%
MO 5270 Atchison
0%
GA 8265 Atkinson
0%
MS 17842 Attala
0%
MO 24873 Audrain
0%
IA 5651 Audubon
0%
OH 46263 Auglaize
0%
AL 58761 Autauga
0%
LA 39529 Avoyelles
0%
GA 11138 Bacon
0%
KY 7742 Ballard
0%
SC 13311 Bamberg
0%
GA 18381 Banks
0%
NE 670 Banner
0%
ID 87434 Bannock
0%
MI 8245 Baraga
0%
KS 4081 Barber
0%
AL 24877 Barbour
0%
WV 15527 Barbour
0%
SC 20653 Barnwell
0%
KY 44511 Barren
0%
WI 46683 Barron
0%
MI 62581 Barry
0%
MO 34701 Barry
0%
IN 82371 Bartholomew
0%
KS 25477 Barton
0%
MO 11683 Barton
0%
GA 109410 Bartow
0%
TX 98435 Bastrop
0%
AR 41801 Baxter
0%
WI 16214 Bayfield
0%
LA 36553 Beauregard
0%
MN 35202 Becker
0%
OK 22295 Beckham
0%
TX 30977 Bee
0%
MN 46274 Beltrami
0%
ID 9731 Benewah
0%
GA 17169 Ben Hill
0%
NC 17818 Bertie
0%
AK 18538 Bethel
0%
GA 156554 Bibb
0%
AL 22251 Bibb
0%
LA 12958 Bienville
0%
MT 13090 Big Horn
0%
WY 11690 Big Horn
0%
MN 5161 Big Stone
0%
ID 48253 Bingham
0%
IN 12074 Blackford
0%
NC 29807 Bladen
0%
ID 24248 Blaine
0%
OK 8661 Blaine
0%
MT 7030 Blaine
0%
NE 384 Blaine
0%
PA 122640 Blair
0%
TX 11608 Blanco
0%
VA 6241 Bland
0%
GA 12413 Bleckley
0%
TN 14816 Bledsoe
0%
TN 135951 Blount
0%
AL 59077 Blount
0%
MS 30688 Bolivar
0%
MO 10658 Bollinger
0%
IL 16750 Bond
0%
SD 7018 Bon Homme
0%
ID 124490 Bonneville
0%
TX 686 Borden
0%
TX 18404 Bosque
0%
VA 33734 Botetourt
0%
ND 6411 Bottineau
0%
ID 12335 Boundary
0%
KY 20228 Bourbon
0%
KS 14405 Bourbon
0%
ND 2975 Bowman
0%
NE 10778 Box Butte
0%
UT 58291 Box Elder
0%
KY 48242 Boyd
0%
NE 1767 Boyd
0%
KY 30613 Boyle
0%
KY 8420 Bracken
0%
PA 60159 Bradford
0%
FL 27816 Bradford
0%
WV 12505 Braxton
0%
KY 13580 Breathitt
0%
KY 20528 Breckinridge
0%
IA 25012 Bremer
0%
TX 9454 Brewster
0%
TX 1290 Briscoe
0%
AK 854 Bristol Bay
0%
MT 6977 Broadwater
0%
SD 34631 Brookings
0%
SD 5247 Brule
0%
VA 16869 Buckingham
0%
IA 20687 Buena Vista
0%
VA 6639 Buena Vista
0%
KY 82482 Bullitt
0%
GA 79829 Bulloch
0%
AL 10328 Bullock
0%
IL 33203 Bureau
0%
ND 98443 Burleigh
0%
TX 17958 Burleson
0%
TX 49684 Burnet
0%
WI 16561 Burnett
0%
NE 6717 Burt
0%
NC 226396 Cabarrus
0%
WV 93965 Cabell
0%
VT 30418 Caledonia
0%
TX 13869 Callahan
0%
MO 44517 Callaway
0%
KY 37345 Calloway
0%
MD 93244 Calvert
0%
ID 1133 Camas
0%
OK 156681 Canadian
0%
GA 10946 Candler
0%
CT 977165 Capitol
0%
ID 7058 Caribou
0%
KY 4782 Carlisle
0%
MN 36362 Carlton
0%
NV 58249 Carson City
0%
NC 68353 Carteret
0%
MN 107216 Carver
0%
MT 84423 Cascade
0%
KY 15942 Casey
0%
ID 24859 Cassia
0%
NC 22747 Caswell
0%
LA 8895 Catahoula
0%
NC 161011 Catawba
0%
GA 68052 Catoosa
0%
ND 3691 Cavalier
0%
MD 103876 Cecil
0%
CO 19564 Chaffee
0%
MO 7417 Chariton
0%
SD 9302 Charles Mix
0%
GA 12547 Charlton
0%
GA 9402 Chattahoochee
0%
GA 24902 Chattooga
0%
TN 41184 Cheatham
0%
NY 83584 Chemung
0%
NY 47096 Chenango
0%
NE 5473 Cherry
0%
AR 10234 Chicot
0%
TX 6781 Childress
0%
AL 45140 Chilton
0%
MN 56927 Chisago
0%
MT 5897 Chouteau
0%
NC 13835 Chowan
0%
AK 7000 Chugach
0%
TN 32092 Claiborne
0%
LA 14203 Claiborne
0%
MS 9044 Claiborne
0%
MI 30998 Clare
0%
SC 31163 Clarendon
0%
PA 37489 Clarion
0%
GA 296312 Clayton
0%
IA 17123 Clayton
0%
CO 9403 Clear Creek
0%
PA 79707 Clearfield
0%
AR 24948 Cleburne
0%
AL 15144 Cleburne
0%
GA 6713 Clinch
0%
MS 21264 Coahoma
0%
AZ 125504 Cochise
0%
TX 2529 Cochran
0%
TN 36186 Cocke
0%
TN 58080 Coffee
0%
AL 53559 Coffee
0%
GA 43056 Coffee
0%
KS 8334 Coffey
0%
TX 3305 Coke
0%
AL 57270 Colbert
0%
IL 47076 Coles
0%
NM 12370 Colfax
0%
NE 10563 Colfax
0%
SC 38561 Colleton
0%
TX 2865 Collingsworth
0%
VA 18158 Colonial Heights
0%
GA 45813 Colquitt
0%
OH 101723 Columbiana
0%
OK 121777 Comanche
0%
TX 13651 Comanche
0%
KS 1825 Comanche
0%
TX 3235 Concho
0%
LA 18677 Concordia
0%
AL 11576 Conecuh
0%
WY 13729 Converse
0%
TX 41860 Cooke
0%
AL 10329 Coosa
0%
MS 28210 Copiah
0%
AK 2614 Copper River
0%
SD 3906 Corson
0%
NY 46755 Cortland
0%
TX 82927 Coryell
0%
CO 3534 Costilla
0%
TX 1647 Cottle
0%
KS 34661 Cowley
0%
WA 110621 Cowlitz
0%
OK 14144 Craig
0%
VA 4898 Craig
0%
AR 111038 Craighead
0%
TX 4636 Crane
0%
AL 13205 Crenshaw
0%
GA 20255 Crisp
0%
TN 13955 Crockett
0%
TX 2949 Crockett
0%
TX 5157 Crosby
0%
AR 16827 Cross
0%
CO 5782 Crowley
0%
MN 66558 Crow Wing
0%
TX 2181 Culberson
0%
AL 88284 Cullman
0%
VA 52822 Culpeper
0%
NE 9000 Cuming
0%
UT 638 Daggett
0%
TX 7165 Dallam
0%
NC 37160 Dare
0%
OH 51751 Darke
0%
SC 63025 Darlington
0%
NC 43030 Davie
0%
KY 102916 Daviess
0%
IN 33337 Daviess
0%
MO 8418 Daviess
0%
NE 8279 Dawes
0%
GA 27355 Dawson
0%
NE 24037 Dawson
0%
TX 12342 Dawson
0%
MT 8915 Dawson
0%
TX 18585 Deaf Smith
0%
IN 50709 Dearborn
0%
NM 1695 De Baca
0%
MI 36839 Delta
0%
CO 31173 Delta
0%
TX 5278 Delta
0%
AR 11285 Desha
0%
SD 4298 Deuel
0%
NE 1858 Deuel
0%
SD 5275 Dewey
0%
OK 4504 Dewey
0%
TX 1570 Dickens
0%
VA 14089 Dickenson
0%
ND 5003 Dickey
0%
MI 25937 Dickinson
0%
KS 18492 Dickinson
0%
IA 17692 Dickinson
0%
TN 54563 Dickson
0%
AK 4854 Dillingham
0%
SC 28255 Dillon
0%
TX 8672 Dimmit
0%
VA 28057 Dinwiddie
0%
ND 2195 Divide
0%
FL 16737 Dixie
0%
WV 7847 Doddridge
0%
CO 2329 Dolores
0%
NM 219870 Doña Ana
0%
TX 3298 Donley
0%
GA 11236 Dooly
0%
WI 30038 Door
0%
SC 162139 Dorchester
0%
MD 32557 Dorchester
0%
GA 85038 Dougherty
0%
AR 17309 Drew
0%
IN 43584 Dubois
0%
UT 19779 Duchesne
0%
MA 20543 Dukes
0%
NE 1825 Dundy
0%
MO 28174 Dunklin
0%
WI 45221 Dunn
0%
ND 4049 Dunn
0%
NC 49312 Duplin
0%
TN 36818 Dyer
0%
CO 55650 Eagle
0%
GA 10753 Early
0%
LA 19452 East Feliciana
0%
TX 17812 Eastland
0%
GA 3707 Echols
0%
IL 16852 Edgar
0%
KY 12179 Edmonson
0%
SD 4014 Edmunds
0%
GA 65314 Effingham
0%
IL 34594 Effingham
0%
CO 26457 Elbert
0%
GA 19570 Elbert
0%
GA 22907 Emanuel
0%
UT 9898 Emery
0%
MI 34072 Emmet
0%
IA 9349 Emmet
0%
ND 3297 Emmons
0%
VA 5680 Emporia
0%
TX 42788 Erath
0%
FL 321296 Escambia
0%
AL 36755 Escambia
0%
NV 980 Esmeralda
0%
KY 14138 Estill
0%
AL 103348 Etowah
0%
LA 32335 Evangeline
0%
AK 96299 Fairbanks North Star
0%
MT 2941 Fallon
0%
SD 7079 Fall River
0%
VA 14576 Falls Church
0%
TX 36052 Fannin
0%
GA 25436 Fannin
0%
AR 124611 Faulkner
0%
TN 18642 Fentress
0%
MT 11496 Fergus
0%
KS 38187 Finney
0%
TX 3680 Fisher
0%
FL 117515 Flagler
0%
MT 105950 Flathead
0%
KY 15111 Fleming
0%
VA 27442 Fluvanna
0%
TX 1075 Foard
0%
IN 16468 Fountain
0%
MN 30857 Freeborn
0%
TX 19599 Freestone
0%
TX 18151 Frio
0%
NE 2491 Frontier
0%
NE 4630 Furnas
0%
FL 43746 Gadsden
0%
NE 21654 Gage
0%
VA 6687 Galax
0%
MT 119685 Gallatin
0%
KY 8720 Gallatin
0%
IL 4967 Gallatin
0%
OH 29276 Gallia
0%
KY 17175 Garrard
0%
OK 25806 Garvin
0%
TX 5735 Garza
0%
MO 14801 Gasconade
0%
KS 36247 Geary
0%
MO 6219 Gentry
0%
AZ 53419 Gila
0%
FL 18070 Gilchrist
0%
TN 30317 Giles
0%
VA 16711 Giles
0%
OR 1983 Gilliam
0%
GA 31519 Gilmer
0%
WV 7444 Gilmer
0%
CO 5856 Gilpin
0%
MT 13781 Glacier
0%
MI 25461 Gladwin
0%
GA 2903 Glascock
0%
TX 1068 Glasscock
0%
GA 84566 Glynn
0%
MI 14597 Gogebic
0%
ND 1734 Golden Valley
0%
MT 841 Golden Valley
0%
TX 7092 Goliad
0%
TX 19736 Gonzales
0%
VA 24906 Goochland
0%
MN 47697 Goodhue
0%
ID 15520 Gooding
0%
NE 1873 Gosper
0%
KS 2758 Gove
0%
OK 55314 Grady
0%
GA 26075 Grady
0%
TN 23648 Grainger
0%
ND 72927 Grand Forks
0%
VT 7335 Grand Isle
0%
MI 95315 Grand Traverse
0%
NC 61161 Granville
0%
MI 41534 Gratiot
0%
KY 36701 Graves
0%
WA 75672 Grays Harbor
0%
CT 326381 Greater Bridgeport
0%
WV 32995 Greenbrier
0%
KY 35853 Greenup
0%
OK 5531 Greer
0%
TX 124245 Gregg
0%
SD 3983 Gregory
0%
MS 21474 Grenada
0%
ND 2309 Griggs
0%
TX 29442 Grimes
0%
IL 52624 Grundy
0%
TN 13550 Grundy
0%
IA 12351 Grundy
0%
MO 9878 Grundy
0%
TX 173828 Guadalupe
0%
NM 4413 Guadalupe
0%
CO 17018 Gunnison
0%
IA 10619 Guthrie
0%
GA 957977 Gwinnett
0%
SD 1755 Haakon
0%
GA 46326 Habersham
0%
AK 2079 Haines
0%
TX 32525 Hale
0%
AL 14742 Hale
0%
NC 48772 Halifax
0%
VA 34013 Halifax
0%
TN 64531 Hamblen
0%
SD 6196 Hamlin
0%
SD 3075 Hand
0%
TX 5270 Hansford
0%
GA 30178 Haralson
0%
TN 25519 Hardeman
0%
TX 3541 Hardeman
0%
KY 26589 Harlan
0%
NE 3094 Harlan
0%
NC 134718 Harnett
0%
VA 51784 Harrisonburg
0%
OK 11651 Haskell
0%
TX 5408 Haskell
0%
KS 3735 Haskell
0%
NC 62152 Haywood
0%
TN 17806 Haywood
0%
GA 11489 Heard
0%
TX 3371 Hemphill
0%
AR 20037 Hempstead
0%
FL 39902 Hendry
0%
VA 333120 Henrico
0%
NC 21633 Hertford
0%
ND 2477 Hettinger
0%
TN 24996 Hickman
0%
KY 4491 Hickman
0%
MO 8452 Hickory
0%
OH 43285 Highland
0%
VA 2247 Highland
0%
FL 102339 Highlands
0%
MI 45698 Hillsdale
0%
CO 911 Hinsdale
0%
NE 2620 Hitchcock
0%
OH 28104 Hocking
0%
TX 21495 Hockley
0%
KS 1770 Hodgeman
0%
NC 52612 Hoke
0%
OH 44273 Holmes
0%
FL 19529 Holmes
0%
MS 16848 Holmes
0%
NE 659 Hooker
0%
AK 2329 Hoonah-Angoon
0%
KY 45223 Hopkins
0%
TX 37008 Hopkins
0%
WY 4616 Hot Springs
0%
MI 37414 Houghton
0%
MN 21479 Hubbard
0%
TX 3329 Hudspeth
0%
SD 17812 Hughes
0%
OK 13409 Hughes
0%
PA 44123 Huntingdon
0%
NC 4636 Hyde
0%
SD 1319 Hyde
0%
AR 37910 Independence
0%
FL 160986 Indian River
0%
TX 1561 Irion
0%
GA 9487 Irwin
0%
MI 64938 Isabella
0%
MN 41257 Isanti
0%
VA 38898 Isle of Wight
0%
AR 13748 Izard
0%
GA 8704 Jenkins
0%
IN 27610 Jennings
0%
SD 1836 Jerauld
0%
ID 24474 Jerome
0%
KY 53381 Jessamine
0%
KS 2929 Jewell
0%
TX 39060 Jim Wells
0%
UT 11943 Juab
0%
MT 2039 Judith Basin
0%
PA 23535 Juniata
0%
HI 50 Kalawao
0%
MI 17934 Kalkaska
0%
MN 16145 Kanabec
0%
MS 8980 Kemper
0%
AK 59235 Kenai Peninsula
0%
IL 132795 Kendall
0%
TX 45376 Kendall
0%
KY 169066 Kenton
0%
SC 65779 Kershaw
0%
AK 13910 Ketchikan Gateway
0%
MI 2088 Keweenaw
0%
NE 987 Keya Paha
0%
ND 2391 Kidder
0%
NE 3395 Kimball
0%
TX 4316 Kimble
0%
VA 6681 King and Queen
0%
OK 15290 Kingfisher
0%
KS 7369 Kingman
0%
SD 5172 Kingsbury
0%
TX 3157 Kinney
0%
OK 8446 Kiowa
0%
KS 2445 Kiowa
0%
CO 1347 Kiowa
0%
MN 4191 Kittson
0%
KY 14282 Knott
0%
AK 13065 Kodiak Island
0%
MN 12072 Koochiching
0%
IN 80442 Kosciusko
0%
IA 14718 Kossuth
0%
AK 8372 Kusilvak
0%
KS 20096 Labette
0%
PA 215672 Lackawanna
0%
MO 36060 Laclede
0%
IN 40364 LaGrange
0%
AK 999 Lake and Peninsula
0%
TX 13024 Lamb
0%
ND 4135 LaMoure
0%
WI 19512 Langlade
0%
GA 9964 Lanier
0%
IN 112215 LaPorte
0%
KY 14902 Larue
0%
IL 109495 LaSalle
0%
LA 14764 LaSalle
0%
TX 6965 La Salle
0%
ID 39872 Latah
0%
OK 9537 Latimer
0%
KY 62442 Laurel
0%
SC 67456 Laurens
0%
GA 49407 Laurens
0%
TX 20379 Lavaca
0%
MI 22426 Leelanau
0%
ID 8043 Lemhi
0%
NC 55071 Lenoir
0%
KY 10468 Leslie
0%
MN 28795 Le Sueur
0%
KY 21490 Letcher
0%
FL 43268 Levy
0%
OH 178844 Licking
0%
AL 104199 Limestone
0%
TX 22222 Limestone
0%
TX 3038 Lipscomb
0%
AR 12024 Little River
0%
TX 11374 Live Oak
0%
AR 74292 Lonoke
0%
TN 55507 Loudon
0%
NE 629 Loup
0%
CT 175244 Lower Connecticut River Valley
0%
GA 118257 Lowndes
0%
MS 58547 Lowndes
0%
AL 10153 Lowndes
0%
MI 5442 Luce
0%
GA 33405 Lumpkin
0%
NM 25393 Luna
0%
VA 11988 Lunenburg
0%
PA 114022 Lycoming
0%
SD 3719 Lyman
0%
NV 59435 Lyon
0%
KS 32182 Lyon
0%
MN 25352 Lyon
0%
IA 12023 Lyon
0%
KY 8721 Lyon
0%
MI 10843 Mackinac
0%
IL 44907 Macoupin
0%
CA 157243 Madera
0%
KY 11647 Magoffin
0%
IA 22059 Mahaska
0%
MN 5389 Mahnomen
0%
OK 7678 Major
0%
VA 42620 Manassas
0%
VA 17123 Manassas Park
0%
MI 25058 Manistee
0%
WI 137820 Marathon
0%
AL 19180 Marengo
0%
MO 8454 Maries
0%
WI 41827 Marinette
0%
SC 26585 Marlboro
0%
VA 13539 Martinsville
0%
IL 14135 Massac
0%
TX 36251 Matagorda
0%
AK 108661 Matanuska-Susitna
0%
VA 8537 Mathews
0%
TN 102002 Maury
0%
OK 39324 Mayes
0%
OK 42393 McClain
0%
MT 1746 McCone
0%
SD 5714 McCook
0%
KY 16892 McCreary
0%
TX 7638 McCulloch
0%
OK 31003 McCurtain
0%
IL 27370 McDonough
0%
GA 21715 McDuffie
0%
TX 261090 McLennan
0%
TX 670 McMullen
0%
SD 29970 Meade
0%
KY 29964 Meade
0%
KS 4019 Meade
0%
MT 1948 Meagher
0%
MI 40128 Mecosta
0%
OH 182347 Medina
0%
TX 51432 Medina
0%
MN 23352 Meeker
0%
OH 22242 Meigs
0%
TN 12839 Meigs
0%
SD 1989 Mellette
0%
IL 12284 Menard
0%
TX 1964 Menard
0%
KY 6174 Menifee
0%
GA 20679 Meriwether
0%
NE 7675 Merrick
0%
NH 153918 Merrimack
0%
KY 10313 Metcalfe
0%
TX 25080 Milam
0%
UT 13027 Millard
0%
MN 26680 Mille Lacs
0%
WV 23466 Mingo
0%
ID 21626 Minidoka
0%
MI 15089 Missaukee
0%
CO 13232 Moffat
0%
MO 15401 Moniteau
0%
IA 8671 Monona
0%
MI 66901 Montcalm
0%
CO 26070 Montezuma
0%
MI 9261 Montmorency
0%
PA 18165 Montour
0%
SD 6346 Moody
0%
NM 4208 Mora
0%
LA 25438 Morehouse
0%
NE 4562 Morrill
0%
OH 35049 Morrow
0%
OR 12140 Morrow
0%
ND 33192 Morton
0%
KS 2688 Morton
0%
TX 1223 Motley
0%
IL 14531 Moultrie
0%
ND 9648 Mountrail
0%
MN 40082 Mower
0%
KY 30735 Muhlenberg
0%
GA 204572 Muscogee
0%
MT 4924 Musselshell
0%
NE 3366 Nance
0%
WY 79506 Natrona
0%
CT 451887 Naugatuck Valley
0%
TX 52834 Navarro
0%
KS 10219 Nemaha
0%
NE 7019 Nemaha
0%
KS 15826 Neosho
0%
MS 28970 Neshoba
0%
KS 2677 Ness
0%
MI 50130 Newaygo
0%
SC 37918 Newberry
0%
VA 23296 New Kent
0%
MN 34380 Nicollet
0%
WY 2460 Niobrara
0%
MN 22194 Nobles
0%
MO 21140 Nodaway
0%
CT 95687 Northeastern Connecticut
0%
AK 10924 North Slope
0%
AK 7682 Northwest Arctic
0%
CT 112696 Northwest Hills
0%
VA 15638 Nottoway
0%
OK 9460 Nowata
0%
MS 10261 Noxubee
0%
NE 4092 Nuckolls
0%
NV 51698 Nye
0%
TN 30670 Obion
0%
MI 26707 Oceana
0%
TX 9924 Ochiltree
0%
WI 39048 Oconto
0%
MI 20820 Ogemaw
0%
SD 13695 Oglala Lakota
0%
IL 51672 Ogle
0%
GA 14974 Oglethorpe
0%
KY 67997 Oldham
0%
TX 2171 Oldham
0%
ND 1832 Oliver
0%
NC 203686 Onslow
0%
OK 46004 Osage
0%
KS 15787 Osage
0%
MO 13374 Osage
0%
KS 3493 Osborne
0%
MI 8264 Oscoda
0%
NE 15995 Otoe
0%
MN 60072 Otter Tail
0%
LA 159585 Ouachita
0%
AR 22606 Ouachita
0%
CO 4936 Ouray
0%
KY 4054 Owsley
0%
ID 12043 Owyhee
0%
MO 8688 Ozark
0%
WI 91745 Ozaukee
0%
VA 23753 Page
0%
IA 15225 Page
0%
TX 28569 Palo Pinto
0%
NC 12317 Pamlico
0%
MS 33157 Panola
0%
TX 22540 Panola
0%
TX 9809 Parmer
0%
NC 40454 Pasquotank
0%
GA 169898 Paulding
0%
OH 18827 Paulding
0%
OK 82058 Payne
0%
GA 28054 Peach
0%
MS 56351 Pearl River
0%
ND 6853 Pembina
0%
NC 61592 Pender
0%
SD 110386 Pennington
0%
MN 13995 Pennington
0%
WI 7363 Pepin
0%
NC 13053 Perquimans
0%
NV 6587 Pershing
0%
VA 33261 Petersburg
0%
AK 3374 Petersburg
0%
MT 416 Petroleum
0%
MO 43059 Pettis
0%
IL 16698 Piatt
0%
OH 58809 Pickaway
0%
SC 131106 Pickens
0%
GA 33439 Pickens
0%
AL 18925 Pickens
0%
TN 5042 Pickett
0%
PA 58996 Pike
0%
KY 58196 Pike
0%
MS 40098 Pike
0%
AL 32997 Pike
0%
OH 27151 Pike
0%
GA 19145 Pike
0%
MO 17719 Pike
0%
IL 14776 Pike
0%
IN 12227 Pike
0%
AR 10205 Pike
0%
MN 9380 Pipestone
0%
ME 16936 Piscataquis
0%
CO 17325 Pitkin
0%
VA 60541 Pittsylvania
0%
UT 1764 Piute
0%
WV 7622 Pleasants
0%
AR 22997 Poinsett
0%
LA 20652 Pointe Coupee
0%
MT 5987 Pondera
0%
AR 63475 Pope
0%
MN 11312 Pope
0%
IL 3799 Pope
0%
VA 12479 Poquoson
0%
IN 25226 Posey
0%
OK 72734 Pottawatomie
0%
KS 25482 Pottawatomie
0%
IA 93543 Pottawattamie
0%
MT 1773 Powder River
0%
KY 13089 Powell
0%
MT 6998 Powell
0%
ID 7918 Power
0%
IA 18608 Poweshiek
0%
VA 30503 Powhatan
0%
KS 9175 Pratt
0%
OH 40929 Preble
0%
MS 24945 Prentiss
0%
TX 6168 Presidio
0%
MI 13083 Presque Isle
0%
WV 34206 Preston
0%
WI 14066 Price
0%
VA 21922 Prince Edward
0%
AK 5799 Prince of Wales-Hyder
0%
CO 11968 Prowers
0%
OK 10845 Pushmataha
0%
MD 50316 Queen Anne's
0%
MS 6113 Quitman
0%
GA 2180 Quitman
0%
GA 16915 Rabun
0%
VA 16379 Radford
0%
TX 12257 Rains
0%
MO 10356 Ralls
0%
TX 141489 Randall
0%
MS 157185 Rankin
0%
ND 5663 Ransom
0%
LA 129536 Rapides
0%
VA 7422 Rappahannock
0%
MT 44876 Ravalli
0%
KS 2544 Rawlins
0%
TX 2830 Real
0%
NE 10690 Red Willow
0%
TX 14022 Reeves
0%
TX 6718 Refugio
0%
NY 160943 Rensselaer
0%
MN 14707 Renville
0%
ND 2282 Renville
0%
KS 4686 Republic
0%
MO 6102 Reynolds
0%
IA 4690 Ringgold
0%
NM 40285 Rio Arriba
0%
CO 6511 Rio Blanco
0%
WV 8507 Ritchie
0%
NC 117573 Robeson
0%
VA 22673 Rockbridge
0%
KY 16171 Rockcastle
0%
GA 93641 Rockdale
0%
NH 315169 Rockingham
0%
NC 91209 Rockingham
0%
VA 83905 Rockingham
0%
TX 110631 Rockwall
0%
OK 3423 Roger Mills
0%
ND 12292 Rolette
0%
KS 4925 Rooks
0%
MI 23556 Roscommon
0%
MN 15294 Roseau
0%
MT 8310 Rosebud
0%
CO 24944 Routt
0%
TX 9858 Runnels
0%
IN 16716 Rush
0%
KS 2939 Rush
0%
TX 52755 Rusk
0%
WI 14179 Rusk
0%
AL 58849 Russell
0%
VA 25763 Russell
0%
KY 18021 Russell
0%
KS 6702 Russell
0%
LA 22209 Sabine
0%
TX 9980 Sabine
0%
ME 36868 Sagadahoc
0%
CO 6454 Saguache
0%
SD 2373 Sanborn
0%
MT 12615 Sanders
0%
MI 40759 Sanilac
0%
TX 27666 San Jacinto
0%
UT 28816 Sanpete
0%
NY 236328 Saratoga
0%
ND 3828 Sargent
0%
NE 191272 Sarpy
0%
WI 65664 Sauk
0%
NE 22374 Saunders
0%
WI 18057 Sawyer
0%
TX 2474 Schleicher
0%
GA 4565 Schley
0%
NY 29970 Schoharie
0%
MI 8062 Schoolcraft
0%
NY 17855 Schuyler
0%
IL 6879 Schuyler
0%
MO 4066 Schuyler
0%
OH 73716 Scioto
0%
NC 34222 Scotland
0%
MO 4720 Scotland
0%
GA 14026 Screven
0%
TX 16883 Scurry
0%
AR 128184 Sebastian
0%
TN 98455 Sevier
0%
UT 21667 Sevier
0%
AR 15913 Sevier
0%
KS 21942 Seward
0%
NE 17644 Seward
0%
TX 3134 Shackelford
0%
MS 3910 Sharkey
0%
AR 17422 Sharp
0%
WI 40848 Shawano
0%
VA 44337 Shenandoah
0%
MN 97820 Sherburne
0%
MI 68124 Shiawassee
0%
WA 129480 Skagit
0%
AK 1303 Skagway
0%
WA 12118 Skamania
0%
ND 837 Slope
0%
PA 39797 Snyder
0%
NM 16453 Socorro
0%
TX 9337 Somervell
0%
CT 571298 South Central Connecticut
0%
CT 280293 Southeastern Connecticut
0%
AK 6888 Southeast Fairbanks
0%
GA 67415 Spalding
0%
SD 6355 Spink
0%
VA 141097 Spotsylvania
0%
VA 157606 Stafford
0%
KS 4054 Stafford
0%
SD 2979 Stanley
0%
NC 62723 Stanly
0%
IN 23308 Starke
0%
TX 65716 Starr
0%
VA 25581 Staunton
0%
WI 93752 St. Croix
0%
MN 158622 Stearns
0%
MN 37396 Steele
0%
ND 1774 Steele
0%
NY 93584 Steuben
0%
IN 34507 Steuben
0%
TN 13724 Stewart
0%
GA 5121 Stewart
0%
MO 66814 St. Francois
0%
MT 8978 Stillwater
0%
LA 41986 St. John the Baptist
0%
IN 272388 St. Joseph
0%
MI 60887 St. Joseph
0%
LA 82574 St. Landry
0%
NY 108670 St. Lawrence
0%
MO 28656 Stoddard
0%
NC 44696 Stokes
0%
TX 1331 Stonewall
0%
NV 4095 Storey
0%
LA 266168 St. Tammany
0%
ND 21609 Stutsman
0%
WY 8801 Sublette
0%
SD 1318 Sully
0%
MS 25867 Sunflower
0%
NC 71429 Surry
0%
VA 6546 Surry
0%
PA 38540 Susquehanna
0%
TX 3345 Sutton
0%
FL 43881 Suwannee
0%
NC 14130 Swain
0%
MT 3697 Sweet Grass
0%
WY 42079 Sweetwater
0%
TX 6989 Swisher
0%
IN 9896 Switzerland
0%
MD 37663 Talbot
0%
GA 5793 Talbot
0%
GA 1635 Taliaferro
0%
AL 81105 Talladega
0%
MS 12621 Tallahatchie
0%
AL 41251 Tallapoosa
0%
IA 17017 Tama
0%
MO 56202 Taney
0%
GA 24309 Tattnall
0%
IL 131276 Tazewell
0%
VA 40392 Tazewell
0%
CA 65484 Tehama
0%
GA 12619 Telfair
0%
LA 4127 Tensas
0%
LA 108862 Terrebonne
0%
GA 9004 Terrell
0%
TX 862 Terrell
0%
NE 5006 Thayer
0%
TX 1439 Throckmorton
0%
GA 41247 Tift
0%
NY 48344 Tioga
0%
PA 41186 Tioga
0%
MS 21769 Tippah
0%
TX 31301 Titus
0%
MN 25277 Todd
0%
KY 12281 Todd
0%
SD 9353 Todd
0%
UT 74032 Tooele
0%
MT 5018 Toole
0%
GA 26946 Toombs
0%
NM 15203 Torrance
0%
ND 2152 Towner
0%
ND 8004 Traill
0%
NC 33131 Transylvania
0%
MT 680 Treasure
0%
KS 2798 Trego
0%
WI 30679 Trempealeau
0%
GA 6411 Treutlen
0%
KY 14154 Trigg
0%
KY 8510 Trimble
0%
SD 5607 Tripp
0%
GA 69527 Troup
0%
MS 9787 Tunica
0%
OH 92840 Tuscarawas
0%
MI 53218 Tuscola
0%
GA 7955 Twiggs
0%
NC 3389 Tyrrell
0%
WY 20546 Uinta
0%
UT 35951 Uintah
0%
OR 79904 Umatilla
0%
TX 41261 Upshur
0%
WV 23875 Upshur
0%
GA 27638 Upson
0%
TX 3284 Upton
0%
ID 11830 Valley
0%
MT 7552 Valley
0%
NE 4053 Valley
0%
TX 47693 Val Verde
0%
OH 28833 Van Wert
0%
TX 60053 Van Zandt
0%
PA 50475 Venango
0%
LA 48452 Vernon
0%
WI 30811 Vernon
0%
MO 19777 Vernon
0%
WI 23146 Vilas
0%
OH 12790 Vinton
0%
IN 31032 Wabash
0%
IL 11321 Wabash
0%
MN 21460 Wabasha
0%
KS 6922 Wabaunsee
0%
MN 14108 Wadena
0%
OK 82269 Wagoner
0%
FL 33732 Wakulla
0%
TX 57463 Waller
0%
MS 13888 Walthall
0%
WI 105127 Walworth
0%
SD 5317 Walworth
0%
IA 35292 Wapello
0%
GA 35917 Ware
0%
IN 64065 Warrick
0%
OR 26639 Wasco
0%
MN 18953 Waseca
0%
WY 7725 Washakie
0%
WI 16685 Washburn
0%
OK 10930 Washita
0%
NC 54540 Watauga
0%
MN 11205 Watonwan
0%
WI 51822 Waupaca
0%
WI 24672 Waushara
0%
VA 22341 Waynesboro
0%
TN 32946 Weakley
0%
CT 620666 Western Connecticut
0%
LA 15358 West Feliciana
0%
WV 14431 Wetzel
0%
MI 33766 Wexford
0%
TX 41614 Wharton
0%
MT 2060 Wheatland
0%
GA 7550 Wheeler
0%
TX 4980 Wheeler
0%
OR 1407 Wheeler
0%
NE 771 Wheeler
0%
NV 8997 White Pine
0%
IL 55569 Whiteside
0%
GA 103033 Whitfield
0%
KY 36648 Whitley
0%
IN 34259 Whitley
0%
WA 47141 Whitman
0%
MT 1119 Wibaux
0%
MD 103815 Wicomico
0%
TX 12795 Wilbarger
0%
AL 10441 Wilcox
0%
GA 8839 Wilcox
0%
GA 8852 Wilkinson
0%
MS 8531 Wilkinson
0%
SC 30879 Williamsburg
0%
VA 15486 Williamsburg
0%
VT 57832 Windsor
0%
TX 7582 Winkler
0%
LA 13665 Winn
0%
IL 284591 Winnebago
0%
WI 171197 Winnebago
0%
IA 10704 Winnebago
0%
IA 20050 Winneshiek
0%
MN 49792 Winona
0%
WV 5202 Wirt
0%
IA 105526 Woodbury
0%
IL 38414 Woodford
0%
KY 26886 Woodford
0%
AR 6259 Woodruff
0%
OK 20411 Woodward
0%
AK 2134 Wrangell
0%
VA 28275 Wythe
0%
AK 564 Yakutat
0%
MS 12499 Yalobusha
0%
SD 23311 Yankton
0%
NY 24713 Yates
0%
MS 27467 Yazoo
0%
TX 7630 Yoakum
0%
AK 5355 Yukon-Koyukuk
0%
SD 2455 Ziebach
0%
No matching quizzes found
Score Distribution
Percent of People with Each Score
Percentile by Number Answered
Your Score History
You have not taken this quiz